{"text_format":"1","workbook":"xlsx","n_sheets":3,"sheets":["Formato","Instructivo de Diligenciamiento","Listas"],"not_rendered":{"charts":0,"images":3,"macros":1,"external_links":0,"defined_names":3,"comments":1,"pivot_tables":0},"unopened":[],"bounds":{"document_bytes":16777216,"sheet_cells":100000,"rows_first":2000,"rows_last":500,"rows_between":2000,"halvings":0,"cell_chars":16384,"cell_head_chars":4096},"cells_cut":0,"cells_raw":0,"read":"whole","date_system":"1900"}

{"sheet":"Formato","index":0,"n_rows":413,"n_cols":17,"rows_kept":413,"cut":false,"hidden":false,"merged":[[394,2,394,3],[394,8,394,9],[394,10,394,11],[394,16,394,17],[392,2,392,3],[392,8,392,9],[392,10,392,11],[392,16,392,17],[393,2,393,3],[393,8,393,9],[393,10,393,11],[393,16,393,17],[390,2,390,3],[390,8,390,9],[390,10,390,11],[390,16,390,17],[391,2,391,3],[391,8,391,9],[391,10,391,11],[391,16,391,17],[388,2,388,3],[388,8,388,9],[388,10,388,11],[388,16,388,17],[389,2,389,3],[389,8,389,9],[389,10,389,11],[389,16,389,17],[386,2,386,3],[386,8,386,9],[386,10,386,11],[386,16,386,17],[387,2,387,3],[387,8,387,9],[387,10,387,11],[387,16,387,17],[384,2,384,3],[384,8,384,9],[384,10,384,11],[384,16,384,17],[385,2,385,3],[385,8,385,9],[385,10,385,11],[385,16,385,17],[382,2,382,3],[382,8,382,9],[382,10,382,11],[382,16,382,17],[383,2,383,3],[383,8,383,9],[383,10,383,11],[383,16,383,17],[380,2,380,3],[380,8,380,9],[380,10,380,11],[380,16,380,17],[381,2,381,3],[381,8,381,9],[381,10,381,11],[381,16,381,17],[378,2,378,3],[378,8,378,9],[378,10,378,11],[378,16,378,17],[379,2,379,3],[379,8,379,9],[379,10,379,11],[379,16,379,17],[376,2,376,3],[376,8,376,9],[376,10,376,11],[376,16,376,17],[377,2,377,3],[377,8,377,9],[377,10,377,11],[377,16,377,17],[374,2,374,3],[374,8,374,9],[374,10,374,11],[374,16,374,17],[375,2,375,3],[375,8,375,9],[375,10,375,11],[375,16,375,17],[372,2,372,3],[372,8,372,9],[372,10,372,11],[372,16,372,17],[373,2,373,3],[373,8,373,9],[373,10,373,11],[373,16,373,17],[370,2,370,3],[370,8,370,9],[370,10,370,11],[370,16,370,17],[371,2,371,3],[371,8,371,9],[371,10,371,11],[371,16,371,17],[368,2,368,3],[368,8,368,9],[368,10,368,11],[368,16,368,17],[369,2,369,3],[369,8,369,9],[369,10,369,11],[369,16,369,17],[366,2,366,3],[366,8,366,9],[366,10,366,11],[366,16,366,17],[367,2,367,3],[367,8,367,9],[367,10,367,11],[367,16,367,17],[364,2,364,3],[364,8,364,9],[364,10,364,11],[364,16,364,17],[365,2,365,3],[365,8,365,9],[365,10,365,11],[365,16,365,17],[362,2,362,3],[362,8,362,9],[362,10,362,11],[362,16,362,17],[363,2,363,3],[363,8,363,9],[363,10,363,11],[363,16,363,17],[360,2,360,3],[360,8,360,9],[360,10,360,11],[360,16,360,17],[361,2,361,3],[361,8,361,9],[361,10,361,11],[361,16,361,17],[358,2,358,3],[358,8,358,9],[358,10,358,11],[358,16,358,17],[359,2,359,3],[359,8,359,9],[359,10,359,11],[359,16,359,17],[356,2,356,3],[356,8,356,9],[356,10,356,11],[356,16,356,17],[357,2,357,3],[357,8,357,9],[357,10,357,11],[357,16,357,17],[354,2,354,3],[354,8,354,9],[354,10,354,11],[354,16,354,17],[355,2,355,3],[355,8,355,9],[355,10,355,11],[355,16,355,17],[352,2,352,3],[352,8,352,9],[352,10,352,11],[352,16,352,17],[353,2,353,3],[353,8,353,9],[353,10,353,11],[353,16,353,17],[350,2,350,3],[350,8,350,9],[350,10,350,11],[350,16,350,17],[351,2,351,3],[351,8,351,9],[351,10,351,11],[351,16,351,17],[348,2,348,3],[348,8,348,9],[348,10,348,11],[348,16,348,17],[349,2,349,3],[349,8,349,9],[349,10,349,11],[349,16,349,17],[346,2,346,3],[346,8,346,9],[346,10,346,11],[346,16,346,17],[347,2,347,3],[347,8,347,9],[347,10,347,11],[347,16,347,17],[344,2,344,3],[344,8,344,9],[344,10,344,11],[344,16,344,17],[345,2,345,3],[345,8,345,9],[345,10,345,11],[345,16,345,17],[342,2,342,3],[342,8,342,9],[342,10,342,11],[342,16,342,17],[343,2,343,3],[343,8,343,9],[343,10,343,11],[343,16,343,17],[340,2,340,3],[340,8,340,9],[340,10,340,11],[340,16,340,17],[341,2,341,3],[341,8,341,9],[341,10,341,11],[341,16,341,17],[338,2,338,3],[338,8,338,9],[338,10,338,11],[338,16,338,17],[339,2,339,3],[339,8,339,9],[339,10,339,11],[339,16,339,17],[336,2,336,3],[336,8,336,9],[336,10,336,11],[336,16,336,17],[337,2,337,3],[337,8,337,9],[337,10,337,11],[337,16,337,17],[334,2,334,3],[334,8,334,9],[334,10,334,11],[334,16,334,17],[335,2,335,3],[335,8,335,9],[335,10,335,11],[335,16,335,17],[332,2,332,3],[332,8,332,9],[332,10,332,11],[332,16,332,17],[333,2,333,3],[333,8,333,9],[333,10,333,11],[333,16,333,17],[330,2,330,3],[330,8,330,9],[330,10,330,11],[330,16,330,17],[331,2,331,3],[331,8,331,9],[331,10,331,11],[331,16,331,17],[328,2,328,3],[328,8,328,9],[328,10,328,11],[328,16,328,17],[329,2,329,3],[329,8,329,9],[329,10,329,11],[329,16,329,17],[326,2,326,3],[326,8,326,9],[326,10,326,11],[326,16,326,17],[327,2,327,3],[327,8,327,9],[327,10,327,11],[327,16,327,17],[324,2,324,3],[324,8,324,9],[324,10,324,11],[324,16,324,17],[325,2,325,3],[325,8,325,9],[325,10,325,11],[325,16,325,17],[322,2,322,3],[322,8,322,9],[322,10,322,11],[322,16,322,17],[323,2,323,3],[323,8,323,9],[323,10,323,11],[323,16,323,17],[320,2,320,3],[320,8,320,9],[320,10,320,11],[320,16,320,17],[321,2,321,3],[321,8,321,9],[321,10,321,11],[321,16,321,17],[318,2,318,3],[318,8,318,9],[318,10,318,11],[318,16,318,17],[319,2,319,3],[319,8,319,9],[319,10,319,11],[319,16,319,17],[316,2,316,3],[316,8,316,9],[316,10,316,11],[316,16,316,17],[317,2,317,3],[317,8,317,9],[317,10,317,11],[317,16,317,17],[314,2,314,3],[314,8,314,9],[314,10,314,11],[314,16,314,17],[315,2,315,3],[315,8,315,9],[315,10,315,11],[315,16,315,17],[312,2,312,3],[312,8,312,9],[312,10,312,11],[312,16,312,17],[313,2,313,3],[313,8,313,9],[313,10,313,11],[313,16,313,17],[310,2,310,3],[310,8,310,9],[310,10,310,11],[310,16,310,17],[311,2,311,3],[311,8,311,9],[311,10,311,11],[311,16,311,17],[308,2,308,3],[308,8,308,9],[308,10,308,11],[308,16,308,17],[309,2,309,3],[309,8,309,9],[309,10,309,11],[309,16,309,17],[306,2,306,3],[306,8,306,9],[306,10,306,11],[306,16,306,17],[307,2,307,3],[307,8,307,9],[307,10,307,11],[307,16,307,17],[304,2,304,3],[304,8,304,9],[304,10,304,11],[304,16,304,17],[305,2,305,3],[305,8,305,9],[305,10,305,11],[305,16,305,17],[302,2,302,3],[302,8,302,9],[302,10,302,11],[302,16,302,17],[303,2,303,3],[303,8,303,9],[303,10,303,11],[303,16,303,17],[300,2,300,3],[300,8,300,9],[300,10,300,11],[300,16,300,17],[301,2,301,3],[301,8,301,9],[301,10,301,11],[301,16,301,17],[298,2,298,3],[298,8,298,9],[298,10,298,11],[298,16,298,17],[299,2,299,3],[299,8,299,9],[299,10,299,11],[299,16,299,17],[296,2,296,3],[296,8,296,9],[296,10,296,11],[296,16,296,17],[297,2,297,3],[297,8,297,9],[297,10,297,11],[297,16,297,17],[294,2,294,3],[294,8,294,9],[294,10,294,11],[294,16,294,17],[295,2,295,3],[295,8,295,9],[295,10,295,11],[295,16,295,17],[292,2,292,3],[292,8,292,9],[292,10,292,11],[292,16,292,17],[293,2,293,3],[293,8,293,9],[293,10,293,11],[293,16,293,17],[290,2,290,3],[290,8,290,9],[290,10,290,11],[290,16,290,17],[291,2,291,3],[291,8,291,9],[291,10,291,11],[291,16,291,17],[288,2,288,3],[288,8,288,9],[288,10,288,11],[288,16,288,17],[289,2,289,3],[289,8,289,9],[289,10,289,11],[289,16,289,17],[286,2,286,3],[286,8,286,9],[286,10,286,11],[286,16,286,17],[287,2,287,3],[287,8,287,9],[287,10,287,11],[287,16,287,17],[284,2,284,3],[284,8,284,9],[284,10,284,11],[284,16,284,17],[285,2,285,3],[285,8,285,9],[285,10,285,11],[285,16,285,17],[282,2,282,3],[282,8,282,9],[282,10,282,11],[282,16,282,17],[283,2,283,3],[283,8,283,9],[283,10,283,11],[283,16,283,17],[280,2,280,3],[280,8,280,9],[280,10,280,11],[280,16,280,17],[281,2,281,3],[281,8,281,9],[281,10,281,11],[281,16,281,17],[278,2,278,3],[278,8,278,9],[278,10,278,11],[278,16,278,17],[279,2,279,3],[279,8,279,9],[279,10,279,11],[279,16,279,17],[276,2,276,3],[276,8,276,9],[276,10,276,11],[276,16,276,17],[277,2,277,3],[277,8,277,9],[277,10,277,11],[277,16,277,17],[274,2,274,3],[274,8,274,9],[274,10,274,11],[274,16,274,17],[275,2,275,3],[275,8,275,9],[275,10,275,11],[275,16,275,17],[272,2,272,3],[272,8,272,9],[272,10,272,11],[272,16,272,17],[273,2,273,3],[273,8,273,9],[273,10,273,11],[273,16,273,17],[270,2,270,3],[270,8,270,9],[270,10,270,11],[270,16,270,17],[271,2,271,3],[271,8,271,9],[271,10,271,11],[271,16,271,17],[268,2,268,3],[268,8,268,9],[268,10,268,11],[268,16,268,17],[269,2,269,3],[269,8,269,9],[269,10,269,11],[269,16,269,17],[266,2,266,3],[266,8,266,9],[266,10,266,11],[266,16,266,17],[267,2,267,3],[267,8,267,9],[267,10,267,11],[267,16,267,17],[264,2,264,3],[264,8,264,9],[264,10,264,11],[264,16,264,17],[265,2,265,3],[265,8,265,9],[265,10,265,11],[265,16,265,17],[262,2,262,3],[262,8,262,9],[262,10,262,11],[262,16,262,17],[263,2,263,3],[263,8,263,9],[263,10,263,11],[263,16,263,17],[260,2,260,3],[260,8,260,9],[260,10,260,11],[260,16,260,17],[261,2,261,3],[261,8,261,9],[261,10,261,11],[261,16,261,17],[258,2,258,3],[258,8,258,9],[258,10,258,11],[258,16,258,17],[259,2,259,3],[259,8,259,9],[259,10,259,11],[259,16,259,17],[256,2,256,3],[256,8,256,9],[256,10,256,11],[256,16,256,17],[257,2,257,3],[257,8,257,9],[257,10,257,11],[257,16,257,17],[254,2,254,3],[254,8,254,9],[254,10,254,11],[254,16,254,17],[255,2,255,3],[255,8,255,9],[255,10,255,11],[255,16,255,17],[252,2,252,3],[252,8,252,9],[252,10,252,11],[252,16,252,17],[253,2,253,3],[253,8,253,9],[253,10,253,11],[253,16,253,17],[250,2,250,3],[250,8,250,9],[250,10,250,11],[250,16,250,17],[251,2,251,3],[251,8,251,9],[251,10,251,11],[251,16,251,17],[248,2,248,3],[248,8,248,9],[248,10,248,11],[248,16,248,17],[249,2,249,3],[249,8,249,9],[249,10,249,11],[249,16,249,17],[246,2,246,3],[246,8,246,9],[246,10,246,11],[246,16,246,17],[247,2,247,3],[247,8,247,9],[247,10,247,11],[247,16,247,17],[244,2,244,3],[244,8,244,9],[244,10,244,11],[244,16,244,17],[245,2,245,3],[245,8,245,9],[245,10,245,11],[245,16,245,17],[242,2,242,3],[242,8,242,9],[242,10,242,11],[242,16,242,17],[243,2,243,3],[243,8,243,9],[243,10,243,11],[243,16,243,17],[240,2,240,3],[240,8,240,9],[240,10,240,11],[240,16,240,17],[241,2,241,3],[241,8,241,9],[241,10,241,11],[241,16,241,17],[238,2,238,3],[238,8,238,9],[238,10,238,11],[238,16,238,17],[239,2,239,3],[239,8,239,9],[239,10,239,11],[239,16,239,17],[236,2,236,3],[236,8,236,9],[236,10,236,11],[236,16,236,17],[237,2,237,3],[237,8,237,9],[237,10,237,11],[237,16,237,17],[234,2,234,3],[234,8,234,9],[234,10,234,11],[234,16,234,17],[235,2,235,3],[235,8,235,9],[235,10,235,11],[235,16,235,17],[232,2,232,3],[232,8,232,9],[232,10,232,11],[232,16,232,17],[233,2,233,3],[233,8,233,9],[233,10,233,11],[233,16,233,17],[230,2,230,3],[230,8,230,9],[230,10,230,11],[230,16,230,17],[231,2,231,3],[231,8,231,9],[231,10,231,11],[231,16,231,17],[228,2,228,3],[228,8,228,9],[228,10,228,11],[228,16,228,17],[229,2,229,3],[229,8,229,9],[229,10,229,11],[229,16,229,17],[226,2,226,3],[226,8,226,9],[226,10,226,11],[226,16,226,17],[227,2,227,3],[227,8,227,9],[227,10,227,11],[227,16,227,17],[224,2,224,3],[224,8,224,9],[224,10,224,11],[224,16,224,17],[225,2,225,3],[225,8,225,9],[225,10,225,11],[225,16,225,17],[222,2,222,3],[222,8,222,9],[222,10,222,11],[222,16,222,17],[223,2,223,3],[223,8,223,9],[223,10,223,11],[223,16,223,17],[220,2,220,3],[220,8,220,9],[220,10,220,11],[220,16,220,17],[221,2,221,3],[221,8,221,9],[221,10,221,11],[221,16,221,17],[218,2,218,3],[218,8,218,9],[218,10,218,11],[218,16,218,17],[219,2,219,3],[219,8,219,9],[219,10,219,11],[219,16,219,17],[216,2,216,3],[216,8,216,9],[216,10,216,11],[216,16,216,17],[217,2,217,3],[217,8,217,9],[217,10,217,11],[217,16,217,17],[214,2,214,3],[214,8,214,9],[214,10,214,11],[214,16,214,17],[215,2,215,3],[215,8,215,9],[215,10,215,11],[215,16,215,17],[212,2,212,3],[212,8,212,9],[212,10,212,11],[212,16,212,17],[213,2,213,3],[213,8,213,9],[213,10,213,11],[213,16,213,17],[210,2,210,3],[210,8,210,9],[210,10,210,11],[210,16,210,17],[211,2,211,3],[211,8,211,9],[211,10,211,11],[211,16,211,17],[208,2,208,3],[208,8,208,9],[208,10,208,11],[208,16,208,17],[209,2,209,3],[209,8,209,9],[209,10,209,11],[209,16,209,17],[206,2,206,3],[206,8,206,9],[206,10,206,11],[206,16,206,17],[207,2,207,3],[207,8,207,9],[207,10,207,11],[207,16,207,17],[204,2,204,3],[204,8,204,9],[204,10,204,11],[204,16,204,17],[205,2,205,3],[205,8,205,9],[205,10,205,11],[205,16,205,17],[202,2,202,3],[202,8,202,9],[202,10,202,11],[202,16,202,17],[203,2,203,3],[203,8,203,9],[203,10,203,11],[203,16,203,17],[200,2,200,3],[200,8,200,9],[200,10,200,11],[200,16,200,17],[201,2,201,3],[201,8,201,9],[201,10,201,11],[201,16,201,17],[198,2,198,3],[198,8,198,9],[198,10,198,11],[198,16,198,17],[199,2,199,3],[199,8,199,9],[199,10,199,11],[199,16,199,17],[196,2,196,3],[196,8,196,9],[196,10,196,11],[196,16,196,17],[197,2,197,3],[197,8,197,9],[197,10,197,11],[197,16,197,17],[194,2,194,3],[194,8,194,9],[194,10,194,11],[194,16,194,17],[195,2,195,3],[195,8,195,9],[195,10,195,11],[195,16,195,17],[192,2,192,3],[192,8,192,9],[192,10,192,11],[192,16,192,17],[193,2,193,3],[193,8,193,9],[193,10,193,11],[193,16,193,17],[190,2,190,3],[190,8,190,9],[190,10,190,11],[190,16,190,17],[191,2,191,3],[191,8,191,9],[191,10,191,11],[191,16,191,17],[188,2,188,3],[188,8,188,9],[188,10,188,11],[188,16,188,17],[189,2,189,3],[189,8,189,9],[189,10,189,11],[189,16,189,17],[186,2,186,3],[186,8,186,9],[186,10,186,11],[186,16,186,17],[187,2,187,3],[187,8,187,9],[187,10,187,11],[187,16,187,17],[184,2,184,3],[184,8,184,9],[184,10,184,11],[184,16,184,17],[185,2,185,3],[185,8,185,9],[185,10,185,11],[185,16,185,17],[182,2,182,3],[182,8,182,9],[182,10,182,11],[182,16,182,17],[183,2,183,3],[183,8,183,9],[183,10,183,11],[183,16,183,17],[180,2,180,3],[180,8,180,9],[180,10,180,11],[180,16,180,17],[181,2,181,3],[181,8,181,9],[181,10,181,11],[181,16,181,17],[178,2,178,3],[178,8,178,9],[178,10,178,11],[178,16,178,17],[179,2,179,3],[179,8,179,9],[179,10,179,11],[179,16,179,17],[176,2,176,3],[176,8,176,9],[176,10,176,11],[176,16,176,17],[177,2,177,3],[177,8,177,9],[177,10,177,11],[177,16,177,17],[174,2,174,3],[174,8,174,9],[174,10,174,11],[174,16,174,17],[175,2,175,3],[175,8,175,9],[175,10,175,11],[175,16,175,17],[172,2,172,3],[172,8,172,9],[172,10,172,11],[172,16,172,17],[173,2,173,3],[173,8,173,9],[173,10,173,11],[173,16,173,17],[170,2,170,3],[170,8,170,9],[170,10,170,11],[170,16,170,17],[171,2,171,3],[171,8,171,9],[171,10,171,11],[171,16,171,17],[168,2,168,3],[168,8,168,9],[168,10,168,11],[168,16,168,17],[169,2,169,3],[169,8,169,9],[169,10,169,11],[169,16,169,17],[166,2,166,3],[166,8,166,9],[166,10,166,11],[166,16,166,17],[167,2,167,3],[167,8,167,9],[167,10,167,11],[167,16,167,17],[164,2,164,3],[164,8,164,9],[164,10,164,11],[164,16,164,17],[165,2,165,3],[165,8,165,9],[165,10,165,11],[165,16,165,17],[162,2,162,3],[162,8,162,9],[162,10,162,11],[162,16,162,17],[163,2,163,3],[163,8,163,9],[163,10,163,11],[163,16,163,17],[160,2,160,3],[160,8,160,9],[160,10,160,11],[160,16,160,17],[161,2,161,3],[161,8,161,9],[161,10,161,11],[161,16,161,17],[158,2,158,3],[158,8,158,9],[158,10,158,11],[158,16,158,17],[159,2,159,3],[159,8,159,9],[159,10,159,11],[159,16,159,17],[156,2,156,3],[156,8,156,9],[156,10,156,11],[156,16,156,17],[157,2,157,3],[157,8,157,9],[157,10,157,11],[157,16,157,17],[154,2,154,3],[154,8,154,9],[154,10,154,11],[154,16,154,17],[155,2,155,3],[155,8,155,9],[155,10,155,11],[155,16,155,17],[152,2,152,3],[152,8,152,9],[152,10,152,11],[152,16,152,17],[153,2,153,3],[153,8,153,9],[153,10,153,11],[153,16,153,17],[150,2,150,3],[150,8,150,9],[150,10,150,11],[150,16,150,17],[151,2,151,3],[151,8,151,9],[151,10,151,11],[151,16,151,17],[148,2,148,3],[148,8,148,9],[148,10,148,11],[148,16,148,17],[149,2,149,3],[149,8,149,9],[149,10,149,11],[149,16,149,17],[146,2,146,3],[146,8,146,9],[146,10,146,11],[146,16,146,17],[147,2,147,3],[147,8,147,9],[147,10,147,11],[147,16,147,17],[144,2,144,3],[144,8,144,9],[144,10,144,11],[144,16,144,17]],"merged_total":1501,"flags":["merged_cut"]}
[]
[null,"FORMATO PARA MODIFICACIÓN DE ÓRDENES DE COMPRA"]
[null,"Tienda Virtual del Estado Colombiano"]
[]
[null,"Número de Orden de Compra a modificar:",null,null,4415,null,null,"Número de modificación de la Orden de Compra:"]
[]
[]
[null,"Entidad Compradora:",null,"DEPARTAMENTO ADMINISTRATIVO PARA LA PROSPERIDAD SOCIAL",null,null,null,null,null,null,null,"NIT:","900.039.533-8"]
[]
[null,"Nombre del solicitante:",null,"JULIAN TORRES JIMENEZ",null,null,null,null,null,null,"Teléfono de contacto:",null,"5960800 EXT.9202"]
[]
[null,"Proveedor :",null,"BANCO AGRARIO DE COLOMBIA S.A."]
[]
[null,"Sección 1: Tipo de acción"]
[]
[null,"Tipo",null,"Modificación de la Orden de Compra"]
[]
[null,"Sección 2: Justificación de la modificación o de las acciones a realizar"]
[]
[null,"Se hace necesario adicionar y prorrogar la orden de compra hasta el 14 de julio de 2017, con el fin de continuar con la entrega de las transferencias monetarias correspondientes al mes de mayo de 2017, periodo dentro del cual también se realizará la conciliación bancaría y el pago de los servicios financieros que se causen a favor del banco. "]
[]
[null,"Sección 3:  Modificación información general"]
[]
[null,"Nombre del campo",null,"¿Requiere modificación Si/No?","Datos actuales",null,null,null,null,"Nuevos datos"]
[]
[null,"Actualizar supervisor",null,"SI","Nombre del supervisor actual",null,"JULIANA ARBELAEZ MUGNO",null,null,"Nombre nuevo supervisor",null,"JULIAN TORRES JIMÉNEZ"]
[]
[null,"Dirección y/o teléfono Supervisor",null,"NO","Teléfono actual supervisor",null,0,null,null,"Teléfono nuevo supervisor"]
[]
[null,"Fecha de vencimiento",null,"Ampliar fecha","   La fecha vencimiento actual se tomará de la TVEC al momento del cambio",null,null,null,null,"Nueva fecha de vencimiento",null,"2017-07-14"]
[]
[null,"Dirección y/o teléfono Entidad",null,"NO","Dirección / teléfono actual Entidad",null,0,null,null,"Nueva dirección / teléfono Entidad"]
[]
[]
[]
["Sección 4: Modificación de artículos y servicios"]
[]
["Tipo de modificación","Información actual",null,null,null,null,null,null,null,null,"Nueva información"]
[null,"Número de la línea según O.C.","Nombre del artículo",null,"Cantidad","Unidad de medida","Precio unitario","Total","Información presupuestal",null,"Nombre del artículo",null,"Cantidad","Unidad de medida","Precio unitario","Total","Información presupuestal"]
["Agregar nuevo artículo o servicio","No aplica","No aplica",null,"No aplica","No aplica","No aplica",0,"No aplica",null,"SF Tipo 4 - 19022 - ALMAGUER - Beneficiarios: 2651",null,1207,"UNIDAD",6695,{"$f":"ROUND(M40*O40, 2)","v":8080865},"CDP No 87117"]
["Agregar nuevo artículo o servicio","No aplica","No aplica",null,"No aplica","No aplica","No aplica",0,"No aplica",null,"SF Tipo 4 - 19050 - ARGELIA - Beneficiarios: 3698",null,1675,"UNIDAD",6695,11214125,"CDP No 87117"]
["Agregar nuevo artículo o servicio","No aplica","No aplica",null,"No aplica","No aplica","No aplica",0,"No aplica",null,"SF Tipo 4 - 19075 - BALBOA - Beneficiarios: 3371",null,1519,"UNIDAD",6695,10169705,"CDP No 87117"]
["Agregar nuevo artículo o servicio","No aplica","No aplica",null,"No aplica","No aplica","No aplica",0,"No aplica",null,"SF Tipo 4 - 19100 - BOLIVAR - Beneficiarios: 5699",null,2558,"UNIDAD",6695,17125810,"CDP No 87117"]
["Agregar nuevo artículo o servicio","No aplica","No aplica",null,"No aplica","No aplica","No aplica",0,"No aplica",null,"SF Tipo 4 - 19110 - BUENOS AIRES - Beneficiarios: 3173",null,1353,"UNIDAD",6695,9058335,"CDP No 87117"]
["Agregar nuevo artículo o servicio","No aplica","No aplica",null,"No aplica","No aplica","No aplica",0,"No aplica",null,"SF Tipo 4 - 19130 - CAJIBIO - Beneficiarios: 4711",null,2142,"UNIDAD",6695,14340690,"CDP No 87117"]
["Agregar nuevo artículo o servicio","No aplica","No aplica",null,"No aplica","No aplica","No aplica",0,"No aplica",null,"SF Tipo 4 - 19137 - CALDONO - Beneficiarios: 4299",null,1898,"UNIDAD",6695,12707110,"CDP No 87117"]
["Agregar nuevo artículo o servicio","No aplica","No aplica",null,"No aplica","No aplica","No aplica",0,"No aplica",null,"SF Tipo 4 - 19142 - CALOTO - Beneficiarios: 3363",null,1507,"UNIDAD",6695,10089365,"CDP No 87117"]
["Agregar nuevo artículo o servicio","No aplica","No aplica",null,"No aplica","No aplica","No aplica",0,"No aplica",null,"SF Tipo 4 - 19212 - CORINTO - Beneficiarios: 2805",null,1239,"UNIDAD",6695,8295105,"CDP No 87117"]
["Agregar nuevo artículo o servicio","No aplica","No aplica",null,"No aplica","No aplica","No aplica",0,"No aplica",null,"SF Tipo 4 - 19256 - EL TAMBO - Beneficiarios: 6510",null,2882,"UNIDAD",6695,19294990,"CDP No 87117"]
["Agregar nuevo artículo o servicio","No aplica","No aplica",null,"No aplica","No aplica","No aplica",0,"No aplica",null,"SF Tipo 4 - 19290 - FLORENCIA - Beneficiarios: 899",null,409,"UNIDAD",6695,2738255,"CDP No 87117"]
["Agregar nuevo artículo o servicio","No aplica","No aplica",null,"No aplica","No aplica","No aplica",0,"No aplica",null,"SF Tipo 4 - 19300 - GUACHENE - Beneficiarios: 2292",null,1032,"UNIDAD",6695,6909240,"CDP No 87117"]
["Agregar nuevo artículo o servicio","No aplica","No aplica",null,"No aplica","No aplica","No aplica",0,"No aplica",null,"SF Tipo 4 - 19318 - GUAPI - Beneficiarios: 3379",null,1588,"UNIDAD",6695,10631660,"CDP No 87117"]
["Agregar nuevo artículo o servicio","No aplica","No aplica",null,"No aplica","No aplica","No aplica",0,"No aplica",null,"SF Tipo 4 - 19355 - INZA - Beneficiarios: 3612",null,1665,"UNIDAD",6695,11147175,"CDP No 87117"]
["Agregar nuevo artículo o servicio","No aplica","No aplica",null,"No aplica","No aplica","No aplica",0,"No aplica",null,"SF Tipo 4 - 19364 - JAMBALO - Beneficiarios: 2423",null,1095,"UNIDAD",6695,7331025,"CDP No 87117"]
["Agregar nuevo artículo o servicio","No aplica","No aplica",null,"No aplica","No aplica","No aplica",0,"No aplica",null,"SF Tipo 4 - 19392 - LA SIERRA - Beneficiarios: 1566",null,696,"UNIDAD",6695,4659720,"CDP No 87117"]
["Agregar nuevo artículo o servicio","No aplica","No aplica",null,"No aplica","No aplica","No aplica",0,"No aplica",null,"SF Tipo 4 - 19397 - LA VEGA - Beneficiarios: 2721",null,1202,"UNIDAD",6695,8047390,"CDP No 87117"]
["Agregar nuevo artículo o servicio","No aplica","No aplica",null,"No aplica","No aplica","No aplica",0,"No aplica",null,"SF Tipo 4 - 19418 - LOPEZ - Beneficiarios: 1690",null,787,"UNIDAD",6695,5268965,"CDP No 87117"]
["Agregar nuevo artículo o servicio","No aplica","No aplica",null,"No aplica","No aplica","No aplica",0,"No aplica",null,"SF Tipo 4 - 19450 - MERCADERES - Beneficiarios: 2675",null,1225,"UNIDAD",6695,8201375,"CDP No 87117"]
["Agregar nuevo artículo o servicio","No aplica","No aplica",null,"No aplica","No aplica","No aplica",0,"No aplica",null,"SF Tipo 4 - 19455 - MIRANDA - Beneficiarios: 2579",null,1185,"UNIDAD",6695,7933575,"CDP No 87117"]
["Agregar nuevo artículo o servicio","No aplica","No aplica",null,"No aplica","No aplica","No aplica",0,"No aplica",null,"SF Tipo 4 - 19473 - MORALES - Beneficiarios: 3736",null,1692,"UNIDAD",6695,11327940,"CDP No 87117"]
["Agregar nuevo artículo o servicio","No aplica","No aplica",null,"No aplica","No aplica","No aplica",0,"No aplica",null,"SF Tipo 4 - 19513 - PADILLA - Beneficiarios: 963",null,426,"UNIDAD",6695,2852070,"CDP No 87117"]
["Agregar nuevo artículo o servicio","No aplica","No aplica",null,"No aplica","No aplica","No aplica",0,"No aplica",null,"SF Tipo 4 - 19517 - PAEZ - Beneficiarios: 4531",null,2075,"UNIDAD",6695,13892125,"CDP No 87117"]
["Agregar nuevo artículo o servicio","No aplica","No aplica",null,"No aplica","No aplica","No aplica",0,"No aplica",null,"SF Tipo 4 - 19532 - PATIA - Beneficiarios: 4198",null,1926,"UNIDAD",6695,12894570,"CDP No 87117"]
["Agregar nuevo artículo o servicio","No aplica","No aplica",null,"No aplica","No aplica","No aplica",0,"No aplica",null,"SF Tipo 4 - 19533 - PIAMONTE - Beneficiarios: 979",null,453,"UNIDAD",6695,3032835,"CDP No 87117"]
["Agregar nuevo artículo o servicio","No aplica","No aplica",null,"No aplica","No aplica","No aplica",0,"No aplica",null,"SF Tipo 4 - 19548 - PIENDAMO - Beneficiarios: 4024",null,1859,"UNIDAD",6695,12446005,"CDP No 87117"]
["Agregar nuevo artículo o servicio","No aplica","No aplica",null,"No aplica","No aplica","No aplica",0,"No aplica",null,"SF Tipo 4 - 19573 - PUERTO TEJADA - Beneficiarios: 2840",null,1285,"UNIDAD",6695,8603075,"CDP No 87117"]
["Agregar nuevo artículo o servicio","No aplica","No aplica",null,"No aplica","No aplica","No aplica",0,"No aplica",null,"SF Tipo 4 - 19585 - PURACE - Beneficiarios: 2417",null,1069,"UNIDAD",6695,7156955,"CDP No 87117"]
["Agregar nuevo artículo o servicio","No aplica","No aplica",null,"No aplica","No aplica","No aplica",0,"No aplica",null,"SF Tipo 4 - 19622 - ROSAS - Beneficiarios: 1578",null,729,"UNIDAD",6695,4880655,"CDP No 87117"]
["Agregar nuevo artículo o servicio","No aplica","No aplica",null,"No aplica","No aplica","No aplica",0,"No aplica",null,"SF Tipo 4 - 19693 - SAN SEBASTIAN - Beneficiarios: 1381",null,607,"UNIDAD",6695,4063865,"CDP No 87117"]
["Agregar nuevo artículo o servicio","No aplica","No aplica",null,"No aplica","No aplica","No aplica",0,"No aplica",null,"SF Tipo 4 - 19698 - SANTANDER DE QUILICHAO - Beneficiarios: 7787",null,3560,"UNIDAD",6695,23834200,"CDP No 87117"]
["Agregar nuevo artículo o servicio","No aplica","No aplica",null,"No aplica","No aplica","No aplica",0,"No aplica",null,"SF Tipo 4 - 19701 - SANTA ROSA - Beneficiarios: 628",null,278,"UNIDAD",6695,1861210,"CDP No 87117"]
["Agregar nuevo artículo o servicio","No aplica","No aplica",null,"No aplica","No aplica","No aplica",0,"No aplica",null,"SF Tipo 4 - 19743 - SILVIA - Beneficiarios: 4703",null,2072,"UNIDAD",6695,13872040,"CDP No 87117"]
["Agregar nuevo artículo o servicio","No aplica","No aplica",null,"No aplica","No aplica","No aplica",0,"No aplica",null,"SF Tipo 4 - 19760 - SOTARA - Beneficiarios: 1525",null,692,"UNIDAD",6695,4632940,"CDP No 87117"]
["Agregar nuevo artículo o servicio","No aplica","No aplica",null,"No aplica","No aplica","No aplica",0,"No aplica",null,"SF Tipo 4 - 19780 - SUAREZ - Beneficiarios: 2840",null,1377,"UNIDAD",6695,9219015,"CDP No 87117"]
["Agregar nuevo artículo o servicio","No aplica","No aplica",null,"No aplica","No aplica","No aplica",0,"No aplica",null,"SF Tipo 4 - 19785 - SUCRE - Beneficiarios: 1269",null,572,"UNIDAD",6695,3829540,"CDP No 87117"]
["Agregar nuevo artículo o servicio","No aplica","No aplica",null,"No aplica","No aplica","No aplica",0,"No aplica",null,"SF Tipo 4 - 19807 - TIMBIO - Beneficiarios: 3273",null,1553,"UNIDAD",6695,10397335,"CDP No 87117"]
["Agregar nuevo artículo o servicio","No aplica","No aplica",null,"No aplica","No aplica","No aplica",0,"No aplica",null,"SF Tipo 4 - 19809 - TIMBIQUI - Beneficiarios: 2938",null,1388,"UNIDAD",6695,9292660,"CDP No 87117"]
["Agregar nuevo artículo o servicio","No aplica","No aplica",null,"No aplica","No aplica","No aplica",0,"No aplica",null,"SF Tipo 4 - 19821 - TORIBIO - Beneficiarios: 4564",null,2067,"UNIDAD",6695,13838565,"CDP No 87117"]
["Agregar nuevo artículo o servicio","No aplica","No aplica",null,"No aplica","No aplica","No aplica",0,"No aplica",null,"SF Tipo 4 - 19824 - TOTORO - Beneficiarios: 2890",null,1378,"UNIDAD",6695,9225710,"CDP No 87117"]
["Agregar nuevo artículo o servicio","No aplica","No aplica",null,"No aplica","No aplica","No aplica",0,"No aplica",null,"SF Tipo 4 - 19845 - VILLA RICA - Beneficiarios: 1850",null,835,"UNIDAD",6695,5590325,"CDP No 87117"]
["Agregar nuevo artículo o servicio","No aplica","No aplica",null,"No aplica","No aplica","No aplica",0,"No aplica",null,"SF Tipo 4 - 23068 - AYAPEL - Beneficiarios: 6474",null,2790,"UNIDAD",6695,18679050,"CDP No 87117"]
["Agregar nuevo artículo o servicio","No aplica","No aplica",null,"No aplica","No aplica","No aplica",0,"No aplica",null,"SF Tipo 4 - 23079 - BUENAVISTA - Beneficiarios: 2828",null,1209,"UNIDAD",6695,8094255,"CDP No 87117"]
["Agregar nuevo artículo o servicio","No aplica","No aplica",null,"No aplica","No aplica","No aplica",0,"No aplica",null,"SF Tipo 4 - 23090 - CANALETE - Beneficiarios: 3184",null,1425,"UNIDAD",6695,9540375,"CDP No 87117"]
["Agregar nuevo artículo o servicio","No aplica","No aplica",null,"No aplica","No aplica","No aplica",0,"No aplica",null,"SF Tipo 4 - 23162 - CERETE - Beneficiarios: 10198",null,4664,"UNIDAD",6695,31225480,"CDP No 87117"]
["Agregar nuevo artículo o servicio","No aplica","No aplica",null,"No aplica","No aplica","No aplica",0,"No aplica",null,"SF Tipo 4 - 23168 - CHIMA - Beneficiarios: 2083",null,918,"UNIDAD",6695,6146010,"CDP No 87117"]
["Agregar nuevo artículo o servicio","No aplica","No aplica",null,"No aplica","No aplica","No aplica",0,"No aplica",null,"SF Tipo 4 - 23182 - CHINU - Beneficiarios: 5506",null,2456,"UNIDAD",6695,16442920,"CDP No 87117"]
["Agregar nuevo artículo o servicio","No aplica","No aplica",null,"No aplica","No aplica","No aplica",0,"No aplica",null,"SF Tipo 4 - 23189 - CIENAGA DE ORO - Beneficiarios: 8142",null,3593,"UNIDAD",6695,24055135,"CDP No 87117"]
["Agregar nuevo artículo o servicio","No aplica","No aplica",null,"No aplica","No aplica","No aplica",0,"No aplica",null,"SF Tipo 4 - 23300 - COTORRA - Beneficiarios: 2726",null,1123,"UNIDAD",6695,7518485,"CDP No 87117"]
["Agregar nuevo artículo o servicio","No aplica","No aplica",null,"No aplica","No aplica","No aplica",0,"No aplica",null,"SF Tipo 4 - 23350 - LA APARTADA - Beneficiarios: 1966",null,827,"UNIDAD",6695,5536765,"CDP No 87117"]
["Agregar nuevo artículo o servicio","No aplica","No aplica",null,"No aplica","No aplica","No aplica",0,"No aplica",null,"SF Tipo 4 - 23417 - LORICA - Beneficiarios: 14359",null,6440,"UNIDAD",6695,43115800,"CDP No 87117"]
["Agregar nuevo artículo o servicio","No aplica","No aplica",null,"No aplica","No aplica","No aplica",0,"No aplica",null,"SF Tipo 4 - 23419 - LOS CORDOBAS - Beneficiarios: 2381",null,1017,"UNIDAD",6695,6808815,"CDP No 87117"]
["Agregar nuevo artículo o servicio","No aplica","No aplica",null,"No aplica","No aplica","No aplica",0,"No aplica",null,"SF Tipo 4 - 23464 - MOMIL - Beneficiarios: 2108",null,920,"UNIDAD",6695,6159400,"CDP No 87117"]
["Agregar nuevo artículo o servicio","No aplica","No aplica",null,"No aplica","No aplica","No aplica",0,"No aplica",null,"SF Tipo 4 - 23466 - MONTELIBANO - Beneficiarios: 8639",null,4098,"UNIDAD",6695,27436110,"CDP No 87117"]
["Agregar nuevo artículo o servicio","No aplica","No aplica",null,"No aplica","No aplica","No aplica",0,"No aplica",null,"SF Tipo 4 - 23500 - MOÑITOS - Beneficiarios: 4406",null,1953,"UNIDAD",6695,13075335,"CDP No 87117"]
["Agregar nuevo artículo o servicio","No aplica","No aplica",null,"No aplica","No aplica","No aplica",0,"No aplica",null,"SF Tipo 4 - 23555 - PLANETA RICA - Beneficiarios: 8297",null,3804,"UNIDAD",6695,25467780,"CDP No 87117"]
["Agregar nuevo artículo o servicio","No aplica","No aplica",null,"No aplica","No aplica","No aplica",0,"No aplica",null,"SF Tipo 4 - 23570 - PUEBLO NUEVO - Beneficiarios: 4904",null,2217,"UNIDAD",6695,14842815,"CDP No 87117"]
["Agregar nuevo artículo o servicio","No aplica","No aplica",null,"No aplica","No aplica","No aplica",0,"No aplica",null,"SF Tipo 4 - 23574 - PUERTO ESCONDIDO - Beneficiarios: 3494",null,1520,"UNIDAD",6695,10176400,"CDP No 87117"]
["Agregar nuevo artículo o servicio","No aplica","No aplica",null,"No aplica","No aplica","No aplica",0,"No aplica",null,"SF Tipo 4 - 23580 - PUERTO LIBERTADOR - Beneficiarios: 6070",null,2725,"UNIDAD",6695,18243875,"CDP No 87117"]
["Agregar nuevo artículo o servicio","No aplica","No aplica",null,"No aplica","No aplica","No aplica",0,"No aplica",null,"SF Tipo 4 - 23586 - PURISIMA - Beneficiarios: 2260",null,952,"UNIDAD",6695,6373640,"CDP No 87117"]
["Agregar nuevo artículo o servicio","No aplica","No aplica",null,"No aplica","No aplica","No aplica",0,"No aplica",null,"SF Tipo 4 - 23660 - SAHAGUN - Beneficiarios: 8923",null,4178,"UNIDAD",6695,27971710,"CDP No 87117"]
["Agregar nuevo artículo o servicio","No aplica","No aplica",null,"No aplica","No aplica","No aplica",0,"No aplica",null,"SF Tipo 4 - 23670 - SAN ANDRES SOTAVENTO - Beneficiarios: 6413",null,2902,"UNIDAD",6695,19428890,"CDP No 87117"]
["Agregar nuevo artículo o servicio","No aplica","No aplica",null,"No aplica","No aplica","No aplica",0,"No aplica",null,"SF Tipo 4 - 23672 - SAN ANTERO - Beneficiarios: 3472",null,1558,"UNIDAD",6695,10430810,"CDP No 87117"]
["Agregar nuevo artículo o servicio","No aplica","No aplica",null,"No aplica","No aplica","No aplica",0,"No aplica",null,"SF Tipo 4 - 23675 - SAN BERNARDO DEL VIENTO - Beneficiarios: 4914",null,2177,"UNIDAD",6695,14575015,"CDP No 87117"]
["Agregar nuevo artículo o servicio","No aplica","No aplica",null,"No aplica","No aplica","No aplica",0,"No aplica",null,"SF Tipo 4 - 23678 - SAN CARLOS - Beneficiarios: 3810",null,1620,"UNIDAD",6695,{"$f":"ROUND(M104*O104, 2)","v":10845900},"CDP No 87117"]
["Agregar nuevo artículo o servicio","No aplica","No aplica",null,"No aplica","No aplica","No aplica",0,"No aplica",null,"SF Tipo 4 - 23682 - SAN JOSE DE URE - Beneficiarios: 1419",null,663,"UNIDAD",6695,4438785,"CDP No 87117"]
["Agregar nuevo artículo o servicio","No aplica","No aplica",null,"No aplica","No aplica","No aplica",0,"No aplica",null,"SF Tipo 4 - 23686 - SAN PELAYO - Beneficiarios: 5870",null,2512,"UNIDAD",6695,16817840,"CDP No 87117"]
["Agregar nuevo artículo o servicio","No aplica","No aplica",null,"No aplica","No aplica","No aplica",0,"No aplica",null,"SF Tipo 4 - 23807 - TIERRALTA - Beneficiarios: 13032",null,5905,"UNIDAD",6695,39533975,"CDP No 87117"]
["Agregar nuevo artículo o servicio","No aplica","No aplica",null,"No aplica","No aplica","No aplica",0,"No aplica",null,"SF Tipo 4 - 23815 - TUCHIN - Beneficiarios: 5836",null,2666,"UNIDAD",6695,17848870,"CDP No 87117"]
["Agregar nuevo artículo o servicio","No aplica","No aplica",null,"No aplica","No aplica","No aplica",0,"No aplica",null,"SF Tipo 4 - 23855 - VALENCIA - Beneficiarios: 5589",null,2606,"UNIDAD",6695,17447170,"CDP No 87117"]
["Agregar nuevo artículo o servicio","No aplica","No aplica",null,"No aplica","No aplica","No aplica",0,"No aplica",null,"SF Tipo 4 - 25001 - AGUA DE DIOS - Beneficiarios: 729",null,301,"UNIDAD",6695,2015195,"CDP No 87117"]
["Agregar nuevo artículo o servicio","No aplica","No aplica",null,"No aplica","No aplica","No aplica",0,"No aplica",null,"SF Tipo 4 - 25019 - ALBAN - Beneficiarios: 248",null,108,"UNIDAD",6695,723060,"CDP No 87117"]
["Agregar nuevo artículo o servicio","No aplica","No aplica",null,"No aplica","No aplica","No aplica",0,"No aplica",null,"SF Tipo 4 - 25035 - ANAPOIMA - Beneficiarios: 690",null,310,"UNIDAD",6695,2075450,"CDP No 87117"]
["Agregar nuevo artículo o servicio","No aplica","No aplica",null,"No aplica","No aplica","No aplica",0,"No aplica",null,"SF Tipo 4 - 25040 - ANOLAIMA - Beneficiarios: 610",null,271,"UNIDAD",6695,1814345,"CDP No 87117"]
["Agregar nuevo artículo o servicio","No aplica","No aplica",null,"No aplica","No aplica","No aplica",0,"No aplica",null,"SF Tipo 4 - 25053 - ARBELAEZ - Beneficiarios: 588",null,253,"UNIDAD",6695,1693835,"CDP No 87117"]
["Agregar nuevo artículo o servicio","No aplica","No aplica",null,"No aplica","No aplica","No aplica",0,"No aplica",null,"SF Tipo 4 - 25086 - BELTRAN - Beneficiarios: 211",null,88,"UNIDAD",6695,589160,"CDP No 87117"]
["Agregar nuevo artículo o servicio","No aplica","No aplica",null,"No aplica","No aplica","No aplica",0,"No aplica",null,"SF Tipo 4 - 25095 - BITUIMA - Beneficiarios: 169",null,72,"UNIDAD",6695,482040,"CDP No 87117"]
["Agregar nuevo artículo o servicio","No aplica","No aplica",null,"No aplica","No aplica","No aplica",0,"No aplica",null,"SF Tipo 4 - 25099 - BOJACA - Beneficiarios: 356",null,165,"UNIDAD",6695,1104675,"CDP No 87117"]
["Agregar nuevo artículo o servicio","No aplica","No aplica",null,"No aplica","No aplica","No aplica",0,"No aplica",null,"SF Tipo 4 - 25120 - CABRERA - Beneficiarios: 539",null,223,"UNIDAD",6695,1492985,"CDP No 87117"]
["Agregar nuevo artículo o servicio","No aplica","No aplica",null,"No aplica","No aplica","No aplica",0,"No aplica",null,"SF Tipo 4 - 25123 - CACHIPAY - Beneficiarios: 446",null,188,"UNIDAD",6695,1258660,"CDP No 87117"]
["Agregar nuevo artículo o servicio","No aplica","No aplica",null,"No aplica","No aplica","No aplica",0,"No aplica",null,"SF Tipo 4 - 25126 - CAJICA - Beneficiarios: 1260",null,585,"UNIDAD",6695,3916575,"CDP No 87117"]
["Agregar nuevo artículo o servicio","No aplica","No aplica",null,"No aplica","No aplica","No aplica",0,"No aplica",null,"SF Tipo 4 - 25148 - CAPARRAPI - Beneficiarios: 1317",null,559,"UNIDAD",6695,3742505,"CDP No 87117"]
["Agregar nuevo artículo o servicio","No aplica","No aplica",null,"No aplica","No aplica","No aplica",0,"No aplica",null,"SF Tipo 4 - 25151 - CAQUEZA - Beneficiarios: 1108",null,510,"UNIDAD",6695,3414450,"CDP No 87117"]
["Agregar nuevo artículo o servicio","No aplica","No aplica",null,"No aplica","No aplica","No aplica",0,"No aplica",null,"SF Tipo 4 - 25154 - CARMEN DE CARUPA - Beneficiarios: 561",null,241,"UNIDAD",6695,1613495,"CDP No 87117"]
["Agregar nuevo artículo o servicio","No aplica","No aplica",null,"No aplica","No aplica","No aplica",0,"No aplica",null,"SF Tipo 4 - 25168 - CHAGUANI - Beneficiarios: 300",null,136,"UNIDAD",6695,910520,"CDP No 87117"]
["Agregar nuevo artículo o servicio","No aplica","No aplica",null,"No aplica","No aplica","No aplica",0,"No aplica",null,"SF Tipo 4 - 25175 - CHIA - Beneficiarios: 1827",null,1397,"UNIDAD",6695,9352915,"CDP No 87117"]
["Agregar nuevo artículo o servicio","No aplica","No aplica",null,"No aplica","No aplica","No aplica",0,"No aplica",null,"SF Tipo 4 - 25178 - CHIPAQUE - Beneficiarios: 379",null,176,"UNIDAD",6695,1178320,"CDP No 87117"]
["Agregar nuevo artículo o servicio","No aplica","No aplica",null,"No aplica","No aplica","No aplica",0,"No aplica",null,"SF Tipo 4 - 25181 - CHOACHI - Beneficiarios: 547",null,237,"UNIDAD",6695,1586715,"CDP No 87117"]
["Agregar nuevo artículo o servicio","No aplica","No aplica",null,"No aplica","No aplica","No aplica",0,"No aplica",null,"SF Tipo 4 - 25183 - CHOCONTA - Beneficiarios: 901",null,424,"UNIDAD",6695,2838680,"CDP No 87117"]
["Agregar nuevo artículo o servicio","No aplica","No aplica",null,"No aplica","No aplica","No aplica",0,"No aplica",null,"SF Tipo 4 - 25200 - COGUA - Beneficiarios: 437",null,202,"UNIDAD",6695,1352390,"CDP No 87117"]
["Agregar nuevo artículo o servicio","No aplica","No aplica",null,"No aplica","No aplica","No aplica",0,"No aplica",null,"SF Tipo 4 - 25214 - COTA - Beneficiarios: 528",null,463,"UNIDAD",6695,3099785,"CDP No 87117"]
["Agregar nuevo artículo o servicio","No aplica","No aplica",null,"No aplica","No aplica","No aplica",0,"No aplica",null,"SF Tipo 4 - 25224 - CUCUNUBA - Beneficiarios: 484",null,212,"UNIDAD",6695,1419340,"CDP No 87117"]
["Agregar nuevo artículo o servicio","No aplica","No aplica",null,"No aplica","No aplica","No aplica",0,"No aplica",null,"SF Tipo 4 - 25245 - EL COLEGIO - Beneficiarios: 829",null,387,"UNIDAD",6695,2590965,"CDP No 87117"]
["Agregar nuevo artículo o servicio","No aplica","No aplica",null,"No aplica","No aplica","No aplica",0,"No aplica",null,"SF Tipo 4 - 25258 - EL PEÑON - Beneficiarios: 403",null,173,"UNIDAD",6695,1158235,"CDP No 87117"]
["Agregar nuevo artículo o servicio","No aplica","No aplica",null,"No aplica","No aplica","No aplica",0,"No aplica",null,"SF Tipo 4 - 25260 - EL ROSAL - Beneficiarios: 526",null,258,"UNIDAD",6695,1727310,"CDP No 87117"]
["Agregar nuevo artículo o servicio","No aplica","No aplica",null,"No aplica","No aplica","No aplica",0,"No aplica",null,"SF Tipo 4 - 25269 - FACATATIVA - Beneficiarios: 4414",null,1992,"UNIDAD",6695,13336440,"CDP No 87117"]
["Agregar nuevo artículo o servicio","No aplica","No aplica",null,"No aplica","No aplica","No aplica",0,"No aplica",null,"SF Tipo 4 - 25279 - FOMEQUE - Beneficiarios: 480",null,187,"UNIDAD",6695,1251965,"CDP No 87117"]
["Agregar nuevo artículo o servicio","No aplica","No aplica",null,"No aplica","No aplica","No aplica",0,"No aplica",null,"SF Tipo 4 - 25281 - FOSCA - Beneficiarios: 494",null,197,"UNIDAD",6695,1318915,"CDP No 87117"]
["Agregar nuevo artículo o servicio","No aplica","No aplica",null,"No aplica","No aplica","No aplica",0,"No aplica",null,"SF Tipo 4 - 25286 - FUNZA - Beneficiarios: 1116",null,557,"UNIDAD",6695,3729115,"CDP No 87117"]
["Agregar nuevo artículo o servicio","No aplica","No aplica",null,"No aplica","No aplica","No aplica",0,"No aplica",null,"SF Tipo 4 - 25288 - FUQUENE - Beneficiarios: 380",null,163,"UNIDAD",6695,1091285,"CDP No 87117"]
["Agregar nuevo artículo o servicio","No aplica","No aplica",null,"No aplica","No aplica","No aplica",0,"No aplica",null,"SF Tipo 4 - 25290 - FUSAGASUGA - Beneficiarios: 3640",null,1659,"UNIDAD",6695,11107005,"CDP No 87117"]
["Agregar nuevo artículo o servicio","No aplica","No aplica",null,"No aplica","No aplica","No aplica",0,"No aplica",null,"SF Tipo 4 - 25293 - GACHALA - Beneficiarios: 374",null,145,"UNIDAD",6695,970775,"CDP No 87117"]
["Agregar nuevo artículo o servicio","No aplica","No aplica",null,"No aplica","No aplica","No aplica",0,"No aplica",null,"SF Tipo 4 - 25295 - GACHANCIPA - Beneficiarios: 397",null,188,"UNIDAD",6695,1258660,"CDP No 87117"]
["Agregar nuevo artículo o servicio","No aplica","No aplica",null,"No aplica","No aplica","No aplica",0,"No aplica",null,"SF Tipo 4 - 25297 - GACHETA - Beneficiarios: 593",null,250,"UNIDAD",6695,1673750,"CDP No 87117"]
["Agregar nuevo artículo o servicio","No aplica","No aplica",null,"No aplica","No aplica","No aplica",0,"No aplica",null,"SF Tipo 4 - 25299 - GAMA - Beneficiarios: 267",null,115,"UNIDAD",6695,769925,"CDP No 87117"]
["Agregar nuevo artículo o servicio","No aplica","No aplica",null,"No aplica","No aplica","No aplica",0,"No aplica",null,"SF Tipo 4 - 25307 - GIRARDOT - Beneficiarios: 2806",null,1294,"UNIDAD",6695,8663330,"CDP No 87117"]
["Agregar nuevo artículo o servicio","No aplica","No aplica",null,"No aplica","No aplica","No aplica",0,"No aplica",null,"SF Tipo 4 - 25312 - GRANADA - Beneficiarios: 317",null,145,"UNIDAD",6695,970775,"CDP No 87117"]
["Agregar nuevo artículo o servicio","No aplica","No aplica",null,"No aplica","No aplica","No aplica",0,"No aplica",null,"SF Tipo 4 - 25317 - GUACHETA - Beneficiarios: 928",null,420,"UNIDAD",6695,2811900,"CDP No 87117"]
["Agregar nuevo artículo o servicio","No aplica","No aplica",null,"No aplica","No aplica","No aplica",0,"No aplica",null,"SF Tipo 4 - 25320 - GUADUAS - Beneficiarios: 1823",null,762,"UNIDAD",6695,5101590,"CDP No 87117"]
["Agregar nuevo artículo o servicio","No aplica","No aplica",null,"No aplica","No aplica","No aplica",0,"No aplica",null,"SF Tipo 4 - 25322 - GUASCA - Beneficiarios: 333",null,151,"UNIDAD",6695,1010945,"CDP No 87117"]
["Agregar nuevo artículo o servicio","No aplica","No aplica",null,"No aplica","No aplica","No aplica",0,"No aplica",null,"SF Tipo 4 - 25324 - GUATAQUI - Beneficiarios: 254",null,98,"UNIDAD",6695,656110,"CDP No 87117"]
["Agregar nuevo artículo o servicio","No aplica","No aplica",null,"No aplica","No aplica","No aplica",0,"No aplica",null,"SF Tipo 4 - 25326 - GUATAVITA - Beneficiarios: 231",null,95,"UNIDAD",6695,636025,"CDP No 87117"]
["Agregar nuevo artículo o servicio","No aplica","No aplica",null,"No aplica","No aplica","No aplica",0,"No aplica",null,"SF Tipo 4 - 25328 - GUAYABAL DE SIQUIMA - Beneficiarios: 177",null,79,"UNIDAD",6695,528905,"CDP No 87117"]
["Agregar nuevo artículo o servicio","No aplica","No aplica",null,"No aplica","No aplica","No aplica",0,"No aplica",null,"SF Tipo 4 - 25335 - GUAYABETAL - Beneficiarios: 512",null,307,"UNIDAD",6695,2055365,"CDP No 87117"]
["Agregar nuevo artículo o servicio","No aplica","No aplica",null,"No aplica","No aplica","No aplica",0,"No aplica",null,"SF Tipo 4 - 25339 - GUTIERREZ - Beneficiarios: 359",null,164,"UNIDAD",6695,1097980,"CDP No 87117"]
["Agregar nuevo artículo o servicio","No aplica","No aplica",null,"No aplica","No aplica","No aplica",0,"No aplica",null,"SF Tipo 4 - 25368 - JERUSALEN - Beneficiarios: 216",null,90,"UNIDAD",6695,602550,"CDP No 87117"]
["Agregar nuevo artículo o servicio","No aplica","No aplica",null,"No aplica","No aplica","No aplica",0,"No aplica",null,"SF Tipo 4 - 25372 - JUNIN - Beneficiarios: 522",null,199,"UNIDAD",6695,1332305,"CDP No 87117"]
["Agregar nuevo artículo o servicio","No aplica","No aplica",null,"No aplica","No aplica","No aplica",0,"No aplica",null,"SF Tipo 4 - 25377 - LA CALERA - Beneficiarios: 307",null,142,"UNIDAD",6695,950690,"CDP No 87117"]
["Agregar nuevo artículo o servicio","No aplica","No aplica",null,"No aplica","No aplica","No aplica",0,"No aplica",null,"SF Tipo 4 - 25386 - LA MESA - Beneficiarios: 1047",null,491,"UNIDAD",6695,3287245,"CDP No 87117"]
["Agregar nuevo artículo o servicio","No aplica","No aplica",null,"No aplica","No aplica","No aplica",0,"No aplica",null,"SF Tipo 4 - 25394 - LA PALMA - Beneficiarios: 937",null,408,"UNIDAD",6695,2731560,"CDP No 87117"]
["Agregar nuevo artículo o servicio","No aplica","No aplica",null,"No aplica","No aplica","No aplica",0,"No aplica",null,"SF Tipo 4 - 25398 - LA PEÑA - Beneficiarios: 545",null,235,"UNIDAD",6695,1573325,"CDP No 87117"]
["Agregar nuevo artículo o servicio","No aplica","No aplica",null,"No aplica","No aplica","No aplica",0,"No aplica",null,"SF Tipo 4 - 25402 - LA VEGA - Beneficiarios: 1078",null,482,"UNIDAD",6695,3226990,"CDP No 87117"]
["Agregar nuevo artículo o servicio","No aplica","No aplica",null,"No aplica","No aplica","No aplica",0,"No aplica",null,"SF Tipo 4 - 25407 - LENGUAZAQUE - Beneficiarios: 550",null,237,"UNIDAD",6695,1586715,"CDP No 87117"]
["Agregar nuevo artículo o servicio","No aplica","No aplica",null,"No aplica","No aplica","No aplica",0,"No aplica",null,"SF Tipo 4 - 25426 - MACHETA - Beneficiarios: 335",null,136,"UNIDAD",6695,910520,"CDP No 87117"]
["Agregar nuevo artículo o servicio","No aplica","No aplica",null,"No aplica","No aplica","No aplica",0,"No aplica",null,"SF Tipo 4 - 25430 - MADRID - Beneficiarios: 1631",null,790,"UNIDAD",6695,5289050,"CDP No 87117"]
["Agregar nuevo artículo o servicio","No aplica","No aplica",null,"No aplica","No aplica","No aplica",0,"No aplica",null,"SF Tipo 4 - 25436 - MANTA - Beneficiarios: 203",null,78,"UNIDAD",6695,522210,"CDP No 87117"]
["Agregar nuevo artículo o servicio","No aplica","No aplica",null,"No aplica","No aplica","No aplica",0,"No aplica",null,"SF Tipo 4 - 25438 - MEDINA - Beneficiarios: 894",null,408,"UNIDAD",6695,2731560,"CDP No 87117"]
["Agregar nuevo artículo o servicio","No aplica","No aplica",null,"No aplica","No aplica","No aplica",0,"No aplica",null,"SF Tipo 4 - 25473 - MOSQUERA - Beneficiarios: 1299",null,630,"UNIDAD",6695,4217850,"CDP No 87117"]
["Agregar nuevo artículo o servicio","No aplica","No aplica",null,"No aplica","No aplica","No aplica",0,"No aplica",null,"SF Tipo 4 - 25483 - NARIÑO - Beneficiarios: 211",null,87,"UNIDAD",6695,{"$f":"ROUND(M168*O168, 2)","v":582465},"CDP No 87117"]
["Agregar nuevo artículo o servicio","No aplica","No aplica",null,"No aplica","No aplica","No aplica",0,"No aplica",null,"SF Tipo 4 - 25486 - NEMOCON - Beneficiarios: 471",null,214,"UNIDAD",6695,1432730,"CDP No 87117"]
["Agregar nuevo artículo o servicio","No aplica","No aplica",null,"No aplica","No aplica","No aplica",0,"No aplica",null,"SF Tipo 4 - 25488 - NILO - Beneficiarios: 284",null,124,"UNIDAD",6695,830180,"CDP No 87117"]
["Agregar nuevo artículo o servicio","No aplica","No aplica",null,"No aplica","No aplica","No aplica",0,"No aplica",null,"SF Tipo 4 - 25489 - NIMAIMA - Beneficiarios: 194",null,79,"UNIDAD",6695,528905,"CDP No 87117"]
["Agregar nuevo artículo o servicio","No aplica","No aplica",null,"No aplica","No aplica","No aplica",0,"No aplica",null,"SF Tipo 4 - 25491 - NOCAIMA - Beneficiarios: 270",null,120,"UNIDAD",6695,803400,"CDP No 87117"]
["Agregar nuevo artículo o servicio","No aplica","No aplica",null,"No aplica","No aplica","No aplica",0,"No aplica",null,"SF Tipo 4 - 25506 - VENECIA - Beneficiarios: 470",null,203,"UNIDAD",6695,1359085,"CDP No 87117"]
["Agregar nuevo artículo o servicio","No aplica","No aplica",null,"No aplica","No aplica","No aplica",0,"No aplica",null,"SF Tipo 4 - 25513 - PACHO - Beneficiarios: 1373",null,616,"UNIDAD",6695,4124120,"CDP No 87117"]
["Agregar nuevo artículo o servicio","No aplica","No aplica",null,"No aplica","No aplica","No aplica",0,"No aplica",null,"SF Tipo 4 - 25518 - PAIME - Beneficiarios: 552",null,240,"UNIDAD",6695,1606800,"CDP No 87117"]
["Agregar nuevo artículo o servicio","No aplica","No aplica",null,"No aplica","No aplica","No aplica",0,"No aplica",null,"SF Tipo 4 - 25524 - PANDI - Beneficiarios: 336",null,161,"UNIDAD",6695,1077895,"CDP No 87117"]
["Agregar nuevo artículo o servicio","No aplica","No aplica",null,"No aplica","No aplica","No aplica",0,"No aplica",null,"SF Tipo 4 - 25530 - PARATEBUENO - Beneficiarios: 677",null,367,"UNIDAD",6695,2457065,"CDP No 87117"]
["Agregar nuevo artículo o servicio","No aplica","No aplica",null,"No aplica","No aplica","No aplica",0,"No aplica",null,"SF Tipo 4 - 25535 - PASCA - Beneficiarios: 549",null,252,"UNIDAD",6695,1687140,"CDP No 87117"]
["Agregar nuevo artículo o servicio","No aplica","No aplica",null,"No aplica","No aplica","No aplica",0,"No aplica",null,"SF Tipo 4 - 25572 - PUERTO SALGAR - Beneficiarios: 736",null,367,"UNIDAD",6695,2457065,"CDP No 87117"]
["Agregar nuevo artículo o servicio","No aplica","No aplica",null,"No aplica","No aplica","No aplica",0,"No aplica",null,"SF Tipo 4 - 25580 - PULI - Beneficiarios: 272",null,127,"UNIDAD",6695,850265,"CDP No 87117"]
["Agregar nuevo artículo o servicio","No aplica","No aplica",null,"No aplica","No aplica","No aplica",0,"No aplica",null,"SF Tipo 4 - 25592 - QUEBRADANEGRA - Beneficiarios: 323",null,142,"UNIDAD",6695,950690,"CDP No 87117"]
["Agregar nuevo artículo o servicio","No aplica","No aplica",null,"No aplica","No aplica","No aplica",0,"No aplica",null,"SF Tipo 4 - 25594 - QUETAME - Beneficiarios: 477",null,219,"UNIDAD",6695,1466205,"CDP No 87117"]
["Agregar nuevo artículo o servicio","No aplica","No aplica",null,"No aplica","No aplica","No aplica",0,"No aplica",null,"SF Tipo 4 - 25596 - QUIPILE - Beneficiarios: 477",null,212,"UNIDAD",6695,1419340,"CDP No 87117"]
["Agregar nuevo artículo o servicio","No aplica","No aplica",null,"No aplica","No aplica","No aplica",0,"No aplica",null,"SF Tipo 4 - 25599 - APULO - Beneficiarios: 553",null,225,"UNIDAD",6695,1506375,"CDP No 87117"]
["Agregar nuevo artículo o servicio","No aplica","No aplica",null,"No aplica","No aplica","No aplica",0,"No aplica",null,"SF Tipo 4 - 25612 - RICAURTE - Beneficiarios: 879",null,394,"UNIDAD",6695,2637830,"CDP No 87117"]
["Agregar nuevo artículo o servicio","No aplica","No aplica",null,"No aplica","No aplica","No aplica",0,"No aplica",null,"SF Tipo 4 - 25645 - SAN ANTONIO DEL TEQUENDAMA - Beneficiarios: 374",null,169,"UNIDAD",6695,1131455,"CDP No 87117"]
["Agregar nuevo artículo o servicio","No aplica","No aplica",null,"No aplica","No aplica","No aplica",0,"No aplica",null,"SF Tipo 4 - 25649 - SAN BERNARDO - Beneficiarios: 643",null,297,"UNIDAD",6695,1988415,"CDP No 87117"]
["Agregar nuevo artículo o servicio","No aplica","No aplica",null,"No aplica","No aplica","No aplica",0,"No aplica",null,"SF Tipo 4 - 25653 - SAN CAYETANO - Beneficiarios: 390",null,162,"UNIDAD",6695,1084590,"CDP No 87117"]
["Agregar nuevo artículo o servicio","No aplica","No aplica",null,"No aplica","No aplica","No aplica",0,"No aplica",null,"SF Tipo 4 - 25658 - SAN FRANCISCO - Beneficiarios: 423",null,186,"UNIDAD",6695,1245270,"CDP No 87117"]
["Agregar nuevo artículo o servicio","No aplica","No aplica",null,"No aplica","No aplica","No aplica",0,"No aplica",null,"SF Tipo 4 - 25662 - SAN JUAN DE RIO SECO - Beneficiarios: 667",null,306,"UNIDAD",6695,2048670,"CDP No 87117"]
["Agregar nuevo artículo o servicio","No aplica","No aplica",null,"No aplica","No aplica","No aplica",0,"No aplica",null,"SF Tipo 4 - 25718 - SASAIMA - Beneficiarios: 550",null,254,"UNIDAD",6695,1700530,"CDP No 87117"]
["Agregar nuevo artículo o servicio","No aplica","No aplica",null,"No aplica","No aplica","No aplica",0,"No aplica",null,"SF Tipo 4 - 25736 - SESQUILE - Beneficiarios: 243",null,123,"UNIDAD",6695,823485,"CDP No 87117"]
["Agregar nuevo artículo o servicio","No aplica","No aplica",null,"No aplica","No aplica","No aplica",0,"No aplica",null,"SF Tipo 4 - 25740 - SIBATE - Beneficiarios: 1112",null,512,"UNIDAD",6695,3427840,"CDP No 87117"]
["Agregar nuevo artículo o servicio","No aplica","No aplica",null,"No aplica","No aplica","No aplica",0,"No aplica",null,"SF Tipo 4 - 25743 - SILVANIA - Beneficiarios: 1416",null,659,"UNIDAD",6695,4412005,"CDP No 87117"]
["Agregar nuevo artículo o servicio","No aplica","No aplica",null,"No aplica","No aplica","No aplica",0,"No aplica",null,"SF Tipo 4 - 25745 - SIMIJACA - Beneficiarios: 677",null,306,"UNIDAD",6695,2048670,"CDP No 87117"]
["Agregar nuevo artículo o servicio","No aplica","No aplica",null,"No aplica","No aplica","No aplica",0,"No aplica",null,"SF Tipo 4 - 25758 - SOPO - Beneficiarios: 307",null,145,"UNIDAD",6695,970775,"CDP No 87117"]
["Agregar nuevo artículo o servicio","No aplica","No aplica",null,"No aplica","No aplica","No aplica",0,"No aplica",null,"SF Tipo 4 - 25769 - SUBACHOQUE - Beneficiarios: 158",null,74,"UNIDAD",6695,495430,"CDP No 87117"]
["Agregar nuevo artículo o servicio","No aplica","No aplica",null,"No aplica","No aplica","No aplica",0,"No aplica",null,"SF Tipo 4 - 25772 - SUESCA - Beneficiarios: 482",null,223,"UNIDAD",6695,1492985,"CDP No 87117"]
["Agregar nuevo artículo o servicio","No aplica","No aplica",null,"No aplica","No aplica","No aplica",0,"No aplica",null,"SF Tipo 4 - 25777 - SUPATA - Beneficiarios: 339",null,156,"UNIDAD",6695,1044420,"CDP No 87117"]
["Agregar nuevo artículo o servicio","No aplica","No aplica",null,"No aplica","No aplica","No aplica",0,"No aplica",null,"SF Tipo 4 - 25779 - SUSA - Beneficiarios: 263",null,139,"UNIDAD",6695,930605,"CDP No 87117"]
["Agregar nuevo artículo o servicio","No aplica","No aplica",null,"No aplica","No aplica","No aplica",0,"No aplica",null,"SF Tipo 4 - 25781 - SUTATAUSA - Beneficiarios: 519",null,233,"UNIDAD",6695,1559935,"CDP No 87117"]
["Agregar nuevo artículo o servicio","No aplica","No aplica",null,"No aplica","No aplica","No aplica",0,"No aplica",null,"SF Tipo 4 - 25785 - TABIO - Beneficiarios: 334",null,157,"UNIDAD",6695,1051115,"CDP No 87117"]
["Agregar nuevo artículo o servicio","No aplica","No aplica",null,"No aplica","No aplica","No aplica",0,"No aplica",null,"SF Tipo 4 - 25793 - TAUSA - Beneficiarios: 330",null,160,"UNIDAD",6695,1071200,"CDP No 87117"]
["Agregar nuevo artículo o servicio","No aplica","No aplica",null,"No aplica","No aplica","No aplica",0,"No aplica",null,"SF Tipo 4 - 25797 - TENA - Beneficiarios: 259",null,132,"UNIDAD",6695,883740,"CDP No 87117"]
["Agregar nuevo artículo o servicio","No aplica","No aplica",null,"No aplica","No aplica","No aplica",0,"No aplica",null,"SF Tipo 4 - 25799 - TENJO - Beneficiarios: 570",null,274,"UNIDAD",6695,1834430,"CDP No 87117"]
["Agregar nuevo artículo o servicio","No aplica","No aplica",null,"No aplica","No aplica","No aplica",0,"No aplica",null,"SF Tipo 4 - 25805 - TIBACUY - Beneficiarios: 299",null,141,"UNIDAD",6695,943995,"CDP No 87117"]
["Agregar nuevo artículo o servicio","No aplica","No aplica",null,"No aplica","No aplica","No aplica",0,"No aplica",null,"SF Tipo 4 - 25807 - TIBIRITA - Beneficiarios: 127",null,61,"UNIDAD",6695,408395,"CDP No 87117"]
["Agregar nuevo artículo o servicio","No aplica","No aplica",null,"No aplica","No aplica","No aplica",0,"No aplica",null,"SF Tipo 4 - 25815 - TOCAIMA - Beneficiarios: 982",null,431,"UNIDAD",6695,2885545,"CDP No 87117"]
["Agregar nuevo artículo o servicio","No aplica","No aplica",null,"No aplica","No aplica","No aplica",0,"No aplica",null,"SF Tipo 4 - 25817 - TOCANCIPA - Beneficiarios: 814",null,400,"UNIDAD",6695,2678000,"CDP No 87117"]
["Agregar nuevo artículo o servicio","No aplica","No aplica",null,"No aplica","No aplica","No aplica",0,"No aplica",null,"SF Tipo 4 - 25823 - TOPAIPI - Beneficiarios: 515",null,225,"UNIDAD",6695,1506375,"CDP No 87117"]
["Agregar nuevo artículo o servicio","No aplica","No aplica",null,"No aplica","No aplica","No aplica",0,"No aplica",null,"SF Tipo 4 - 25839 - UBALA - Beneficiarios: 793",null,319,"UNIDAD",6695,2135705,"CDP No 87117"]
["Agregar nuevo artículo o servicio","No aplica","No aplica",null,"No aplica","No aplica","No aplica",0,"No aplica",null,"SF Tipo 4 - 25841 - UBAQUE - Beneficiarios: 277",null,129,"UNIDAD",6695,863655,"CDP No 87117"]
["Agregar nuevo artículo o servicio","No aplica","No aplica",null,"No aplica","No aplica","No aplica",0,"No aplica",null,"SF Tipo 4 - 25843 - VILLA DE SAN DIEGO DE UBATE - Beneficiarios: 1826",null,851,"UNIDAD",6695,5697445,"CDP No 87117"]
["Agregar nuevo artículo o servicio","No aplica","No aplica",null,"No aplica","No aplica","No aplica",0,"No aplica",null,"SF Tipo 4 - 25845 - UNE - Beneficiarios: 405",null,182,"UNIDAD",6695,1218490,"CDP No 87117"]
["Agregar nuevo artículo o servicio","No aplica","No aplica",null,"No aplica","No aplica","No aplica",0,"No aplica",null,"SF Tipo 4 - 25851 - UTICA - Beneficiarios: 271",null,120,"UNIDAD",6695,803400,"CDP No 87117"]
["Agregar nuevo artículo o servicio","No aplica","No aplica",null,"No aplica","No aplica","No aplica",0,"No aplica",null,"SF Tipo 4 - 25862 - VERGARA - Beneficiarios: 582",null,259,"UNIDAD",6695,1734005,"CDP No 87117"]
["Agregar nuevo artículo o servicio","No aplica","No aplica",null,"No aplica","No aplica","No aplica",0,"No aplica",null,"SF Tipo 4 - 25867 - VIANI - Beneficiarios: 269",null,124,"UNIDAD",6695,830180,"CDP No 87117"]
["Agregar nuevo artículo o servicio","No aplica","No aplica",null,"No aplica","No aplica","No aplica",0,"No aplica",null,"SF Tipo 4 - 25871 - VILLAGOMEZ - Beneficiarios: 149",null,67,"UNIDAD",6695,448565,"CDP No 87117"]
["Agregar nuevo artículo o servicio","No aplica","No aplica",null,"No aplica","No aplica","No aplica",0,"No aplica",null,"SF Tipo 4 - 25873 - VILLAPINZON - Beneficiarios: 764",null,359,"UNIDAD",6695,2403505,"CDP No 87117"]
["Agregar nuevo artículo o servicio","No aplica","No aplica",null,"No aplica","No aplica","No aplica",0,"No aplica",null,"SF Tipo 4 - 25875 - VILLETA - Beneficiarios: 1415",null,645,"UNIDAD",6695,4318275,"CDP No 87117"]
["Agregar nuevo artículo o servicio","No aplica","No aplica",null,"No aplica","No aplica","No aplica",0,"No aplica",null,"SF Tipo 4 - 25878 - VIOTA - Beneficiarios: 906",null,464,"UNIDAD",6695,3106480,"CDP No 87117"]
["Agregar nuevo artículo o servicio","No aplica","No aplica",null,"No aplica","No aplica","No aplica",0,"No aplica",null,"SF Tipo 4 - 25885 - YACOPI - Beneficiarios: 1445",null,629,"UNIDAD",6695,4211155,"CDP No 87117"]
["Agregar nuevo artículo o servicio","No aplica","No aplica",null,"No aplica","No aplica","No aplica",0,"No aplica",null,"SF Tipo 4 - 25898 - ZIPACON - Beneficiarios: 192",null,89,"UNIDAD",6695,595855,"CDP No 87117"]
["Agregar nuevo artículo o servicio","No aplica","No aplica",null,"No aplica","No aplica","No aplica",0,"No aplica",null,"SF Tipo 4 - 25899 - ZIPAQUIRA - Beneficiarios: 1775",null,854,"UNIDAD",6695,5717530,"CDP No 87117"]
["Agregar nuevo artículo o servicio","No aplica","No aplica",null,"No aplica","No aplica","No aplica",0,"No aplica",null,"SF Tipo 4 - 44035 - ALBANIA - Beneficiarios: 2653",null,1210,"UNIDAD",6695,8100950,"CDP No 87117"]
["Agregar nuevo artículo o servicio","No aplica","No aplica",null,"No aplica","No aplica","No aplica",0,"No aplica",null,"SF Tipo 4 - 44078 - BARRANCAS - Beneficiarios: 1927",null,893,"UNIDAD",6695,5978635,"CDP No 87117"]
["Agregar nuevo artículo o servicio","No aplica","No aplica",null,"No aplica","No aplica","No aplica",0,"No aplica",null,"SF Tipo 4 - 44090 - DIBULLA - Beneficiarios: 2468",null,1144,"UNIDAD",6695,7659080,"CDP No 87117"]
["Agregar nuevo artículo o servicio","No aplica","No aplica",null,"No aplica","No aplica","No aplica",0,"No aplica",null,"SF Tipo 4 - 44098 - DISTRACCION - Beneficiarios: 841",null,399,"UNIDAD",6695,2671305,"CDP No 87117"]
["Agregar nuevo artículo o servicio","No aplica","No aplica",null,"No aplica","No aplica","No aplica",0,"No aplica",null,"SF Tipo 4 - 44110 - EL MOLINO - Beneficiarios: 699",null,353,"UNIDAD",6695,2363335,"CDP No 87117"]
["Agregar nuevo artículo o servicio","No aplica","No aplica",null,"No aplica","No aplica","No aplica",0,"No aplica",null,"SF Tipo 4 - 44279 - FONSECA - Beneficiarios: 2924",null,1335,"UNIDAD",6695,8937825,"CDP No 87117"]
["Agregar nuevo artículo o servicio","No aplica","No aplica",null,"No aplica","No aplica","No aplica",0,"No aplica",null,"SF Tipo 4 - 44378 - HATONUEVO - Beneficiarios: 1682",null,770,"UNIDAD",6695,5155150,"CDP No 87117"]
["Agregar nuevo artículo o servicio","No aplica","No aplica",null,"No aplica","No aplica","No aplica",0,"No aplica",null,"SF Tipo 4 - 44420 - LA JAGUA DEL PILAR - Beneficiarios: 216",null,104,"UNIDAD",6695,{"$f":"ROUND(M232*O232, 2)","v":696280},"CDP No 87117"]
["Agregar nuevo artículo o servicio","No aplica","No aplica",null,"No aplica","No aplica","No aplica",0,"No aplica",null,"SF Tipo 4 - 44430 - MAICAO - Beneficiarios: 14065",null,6463,"UNIDAD",6695,43269785,"CDP No 87117"]
["Agregar nuevo artículo o servicio","No aplica","No aplica",null,"No aplica","No aplica","No aplica",0,"No aplica",null,"SF Tipo 4 - 44560 - MANAURE - Beneficiarios: 5464",null,2566,"UNIDAD",6695,17179370,"CDP No 87117"]
["Agregar nuevo artículo o servicio","No aplica","No aplica",null,"No aplica","No aplica","No aplica",0,"No aplica",null,"SF Tipo 4 - 44650 - SAN JUAN DEL CESAR - Beneficiarios: 3178",null,1493,"UNIDAD",6695,9995635,"CDP No 87117"]
["Agregar nuevo artículo o servicio","No aplica","No aplica",null,"No aplica","No aplica","No aplica",0,"No aplica",null,"SF Tipo 4 - 44847 - URIBIA - Beneficiarios: 4519",null,1913,"UNIDAD",6695,12807535,"CDP No 87117"]
["Agregar nuevo artículo o servicio","No aplica","No aplica",null,"No aplica","No aplica","No aplica",0,"No aplica",null,"SF Tipo 4 - 44847 - URIBIA - Beneficiarios: 2200",null,1078,"UNIDAD",20000,21560000,"CDP No 87117"]
["Agregar nuevo artículo o servicio","No aplica","No aplica",null,"No aplica","No aplica","No aplica",0,"No aplica",null,"SF Tipo 4 - 44855 - URUMITA - Beneficiarios: 1072",null,494,"UNIDAD",6695,3307330,"CDP No 87117"]
["Agregar nuevo artículo o servicio","No aplica","No aplica",null,"No aplica","No aplica","No aplica",0,"No aplica",null,"SF Tipo 4 - 44874 - VILLANUEVA - Beneficiarios: 2038",null,972,"UNIDAD",6695,6507540,"CDP No 87117"]
["Agregar nuevo artículo o servicio","No aplica","No aplica",null,"No aplica","No aplica","No aplica",0,"No aplica",null,"SF Tipo 4 - 50006 - ACACIAS - Beneficiarios: 3758",null,1820,"UNIDAD",6695,12184900,"CDP No 87117"]
["Agregar nuevo artículo o servicio","No aplica","No aplica",null,"No aplica","No aplica","No aplica",0,"No aplica",null,"SF Tipo 4 - 50110 - BARRANCA DE UPIA - Beneficiarios: 551",null,266,"UNIDAD",6695,1780870,"CDP No 87117"]
["Agregar nuevo artículo o servicio","No aplica","No aplica",null,"No aplica","No aplica","No aplica",0,"No aplica",null,"SF Tipo 4 - 50124 - CABUYARO - Beneficiarios: 468",null,229,"UNIDAD",6695,1533155,"CDP No 87117"]
["Agregar nuevo artículo o servicio","No aplica","No aplica",null,"No aplica","No aplica","No aplica",0,"No aplica",null,"SF Tipo 4 - 50150 - CASTILLA LA NUEVA - Beneficiarios: 778",null,387,"UNIDAD",6695,2590965,"CDP No 87117"]
["Agregar nuevo artículo o servicio","No aplica","No aplica",null,"No aplica","No aplica","No aplica",0,"No aplica",null,"SF Tipo 4 - 50223 - CUBARRAL - Beneficiarios: 516",null,249,"UNIDAD",6695,1667055,"CDP No 87117"]
["Agregar nuevo artículo o servicio","No aplica","No aplica",null,"No aplica","No aplica","No aplica",0,"No aplica",null,"SF Tipo 4 - 50226 - CUMARAL - Beneficiarios: 1727",null,825,"UNIDAD",6695,5523375,"CDP No 87117"]
["Agregar nuevo artículo o servicio","No aplica","No aplica",null,"No aplica","No aplica","No aplica",0,"No aplica",null,"SF Tipo 4 - 50245 - EL CALVARIO - Beneficiarios: 152",null,73,"UNIDAD",6695,488735,"CDP No 87117"]
["Agregar nuevo artículo o servicio","No aplica","No aplica",null,"No aplica","No aplica","No aplica",0,"No aplica",null,"SF Tipo 4 - 50251 - EL CASTILLO - Beneficiarios: 953",null,448,"UNIDAD",6695,2999360,"CDP No 87117"]
["Agregar nuevo artículo o servicio","No aplica","No aplica",null,"No aplica","No aplica","No aplica",0,"No aplica",null,"SF Tipo 4 - 50270 - EL DORADO - Beneficiarios: 451",null,229,"UNIDAD",6695,1533155,"CDP No 87117"]
["Agregar nuevo artículo o servicio","No aplica","No aplica",null,"No aplica","No aplica","No aplica",0,"No aplica",null,"SF Tipo 4 - 50287 - FUENTE DE ORO - Beneficiarios: 1289",null,598,"UNIDAD",6695,4003610,"CDP No 87117"]
["Agregar nuevo artículo o servicio","No aplica","No aplica",null,"No aplica","No aplica","No aplica",0,"No aplica",null,"SF Tipo 4 - 50313 - GRANADA - Beneficiarios: 5403",null,2623,"UNIDAD",6695,17560985,"CDP No 87117"]
["Agregar nuevo artículo o servicio","No aplica","No aplica",null,"No aplica","No aplica","No aplica",0,"No aplica",null,"SF Tipo 4 - 50318 - GUAMAL - Beneficiarios: 923",null,433,"UNIDAD",6695,2898935,"CDP No 87117"]
["Agregar nuevo artículo o servicio","No aplica","No aplica",null,"No aplica","No aplica","No aplica",0,"No aplica",null,"SF Tipo 4 - 50325 - MAPIRIPAN - Beneficiarios: 507",null,264,"UNIDAD",6695,1767480,"CDP No 87117"]
["Agregar nuevo artículo o servicio","No aplica","No aplica",null,"No aplica","No aplica","No aplica",0,"No aplica",null,"SF Tipo 4 - 50330 - MESETAS - Beneficiarios: 1196",null,565,"UNIDAD",6695,3782675,"CDP No 87117"]
["Agregar nuevo artículo o servicio","No aplica","No aplica",null,"No aplica","No aplica","No aplica",0,"No aplica",null,"SF Tipo 4 - 50350 - LA MACARENA - Beneficiarios: 1073",null,507,"UNIDAD",6695,3394365,"CDP No 87117"]
["Agregar nuevo artículo o servicio","No aplica","No aplica",null,"No aplica","No aplica","No aplica",0,"No aplica",null,"SF Tipo 4 - 50370 - URIBE - Beneficiarios: 1018",null,467,"UNIDAD",6695,3126565,"CDP No 87117"]
["Agregar nuevo artículo o servicio","No aplica","No aplica",null,"No aplica","No aplica","No aplica",0,"No aplica",null,"SF Tipo 4 - 50400 - LEJANIAS - Beneficiarios: 1156",null,558,"UNIDAD",6695,3735810,"CDP No 87117"]
["Agregar nuevo artículo o servicio","No aplica","No aplica",null,"No aplica","No aplica","No aplica",0,"No aplica",null,"SF Tipo 4 - 50450 - PUERTO CONCORDIA - Beneficiarios: 971",null,458,"UNIDAD",6695,3066310,"CDP No 87117"]
["Agregar nuevo artículo o servicio","No aplica","No aplica",null,"No aplica","No aplica","No aplica",0,"No aplica",null,"SF Tipo 4 - 50568 - PUERTO GAITAN - Beneficiarios: 2581",null,1224,"UNIDAD",6695,8194680,"CDP No 87117"]
["Agregar nuevo artículo o servicio","No aplica","No aplica",null,"No aplica","No aplica","No aplica",0,"No aplica",null,"SF Tipo 4 - 50573 - PUERTO LOPEZ - Beneficiarios: 3059",null,1439,"UNIDAD",6695,9634105,"CDP No 87117"]
["Agregar nuevo artículo o servicio","No aplica","No aplica",null,"No aplica","No aplica","No aplica",0,"No aplica",null,"SF Tipo 4 - 50577 - PUERTO LLERAS - Beneficiarios: 1064",null,502,"UNIDAD",6695,3360890,"CDP No 87117"]
["Agregar nuevo artículo o servicio","No aplica","No aplica",null,"No aplica","No aplica","No aplica",0,"No aplica",null,"SF Tipo 4 - 50590 - PUERTO RICO - Beneficiarios: 1474",null,697,"UNIDAD",6695,4666415,"CDP No 87117"]
["Agregar nuevo artículo o servicio","No aplica","No aplica",null,"No aplica","No aplica","No aplica",0,"No aplica",null,"SF Tipo 4 - 50606 - RESTREPO - Beneficiarios: 920",null,442,"UNIDAD",6695,2959190,"CDP No 87117"]
["Agregar nuevo artículo o servicio","No aplica","No aplica",null,"No aplica","No aplica","No aplica",0,"No aplica",null,"SF Tipo 4 - 50680 - SAN CARLOS DE GUAROA - Beneficiarios: 1177",null,548,"UNIDAD",6695,3668860,"CDP No 87117"]
["Agregar nuevo artículo o servicio","No aplica","No aplica",null,"No aplica","No aplica","No aplica",0,"No aplica",null,"SF Tipo 4 - 50683 - SAN JUAN DE ARAMA - Beneficiarios: 933",null,455,"UNIDAD",6695,3046225,"CDP No 87117"]
["Agregar nuevo artículo o servicio","No aplica","No aplica",null,"No aplica","No aplica","No aplica",0,"No aplica",null,"SF Tipo 4 - 50686 - SAN JUANITO - Beneficiarios: 173",null,79,"UNIDAD",6695,528905,"CDP No 87117"]
["Agregar nuevo artículo o servicio","No aplica","No aplica",null,"No aplica","No aplica","No aplica",0,"No aplica",null,"SF Tipo 4 - 50689 - SAN MARTIN - Beneficiarios: 1635",null,802,"UNIDAD",6695,5369390,"CDP No 87117"]
["Agregar nuevo artículo o servicio","No aplica","No aplica",null,"No aplica","No aplica","No aplica",0,"No aplica",null,"SF Tipo 4 - 50711 - VISTAHERMOSA - Beneficiarios: 2466",null,1154,"UNIDAD",6695,7726030,"CDP No 87117"]
["Agregar nuevo artículo o servicio","No aplica","No aplica",null,"No aplica","No aplica","No aplica",0,"No aplica",null,"SF Tipo 4 - 63111 - BUENAVISTA - Beneficiarios: 145",null,66,"UNIDAD",6695,441870,"CDP No 87117"]
["Agregar nuevo artículo o servicio","No aplica","No aplica",null,"No aplica","No aplica","No aplica",0,"No aplica",null,"SF Tipo 4 - 63130 - CALARCA - Beneficiarios: 2251",null,1068,"UNIDAD",6695,7150260,"CDP No 87117"]
["Agregar nuevo artículo o servicio","No aplica","No aplica",null,"No aplica","No aplica","No aplica",0,"No aplica",null,"SF Tipo 4 - 63190 - CIRCASIA - Beneficiarios: 930",null,442,"UNIDAD",6695,2959190,"CDP No 87117"]
["Agregar nuevo artículo o servicio","No aplica","No aplica",null,"No aplica","No aplica","No aplica",0,"No aplica",null,"SF Tipo 4 - 63212 - CORDOBA - Beneficiarios: 448",null,211,"UNIDAD",6695,1412645,"CDP No 87117"]
["Agregar nuevo artículo o servicio","No aplica","No aplica",null,"No aplica","No aplica","No aplica",0,"No aplica",null,"SF Tipo 4 - 63272 - FILANDIA - Beneficiarios: 458",null,220,"UNIDAD",6695,1472900,"CDP No 87117"]
["Agregar nuevo artículo o servicio","No aplica","No aplica",null,"No aplica","No aplica","No aplica",0,"No aplica",null,"SF Tipo 4 - 63302 - GENOVA - Beneficiarios: 764",null,348,"UNIDAD",6695,2329860,"CDP No 87117"]
["Agregar nuevo artículo o servicio","No aplica","No aplica",null,"No aplica","No aplica","No aplica",0,"No aplica",null,"SF Tipo 4 - 63401 - LA TEBAIDA - Beneficiarios: 2411",null,1134,"UNIDAD",6695,7592130,"CDP No 87117"]
["Agregar nuevo artículo o servicio","No aplica","No aplica",null,"No aplica","No aplica","No aplica",0,"No aplica",null,"SF Tipo 4 - 63470 - MONTENEGRO - Beneficiarios: 2467",null,1110,"UNIDAD",6695,7431450,"CDP No 87117"]
["Agregar nuevo artículo o servicio","No aplica","No aplica",null,"No aplica","No aplica","No aplica",0,"No aplica",null,"SF Tipo 4 - 63548 - PIJAO - Beneficiarios: 611",null,278,"UNIDAD",6695,1861210,"CDP No 87117"]
["Agregar nuevo artículo o servicio","No aplica","No aplica",null,"No aplica","No aplica","No aplica",0,"No aplica",null,"SF Tipo 4 - 63594 - QUIMBAYA - Beneficiarios: 1453",null,689,"UNIDAD",6695,4612855,"CDP No 87117"]
["Agregar nuevo artículo o servicio","No aplica","No aplica",null,"No aplica","No aplica","No aplica",0,"No aplica",null,"SF Tipo 4 - 63690 - SALENTO - Beneficiarios: 364",null,168,"UNIDAD",6695,1124760,"CDP No 87117"]
["Agregar nuevo artículo o servicio","No aplica","No aplica",null,"No aplica","No aplica","No aplica",0,"No aplica",null,"SF Tipo 4 - 68013 - AGUADA - Beneficiarios: 127",null,58,"UNIDAD",6695,388310,"CDP No 87117"]
["Agregar nuevo artículo o servicio","No aplica","No aplica",null,"No aplica","No aplica","No aplica",0,"No aplica",null,"SF Tipo 4 - 68020 - ALBANIA - Beneficiarios: 307",null,144,"UNIDAD",6695,964080,"CDP No 87117"]
["Agregar nuevo artículo o servicio","No aplica","No aplica",null,"No aplica","No aplica","No aplica",0,"No aplica",null,"SF Tipo 4 - 68051 - ARATOCA - Beneficiarios: 922",null,418,"UNIDAD",6695,2798510,"CDP No 87117"]
["Agregar nuevo artículo o servicio","No aplica","No aplica",null,"No aplica","No aplica","No aplica",0,"No aplica",null,"SF Tipo 4 - 68077 - BARBOSA - Beneficiarios: 1501",null,692,"UNIDAD",6695,4632940,"CDP No 87117"]
["Agregar nuevo artículo o servicio","No aplica","No aplica",null,"No aplica","No aplica","No aplica",0,"No aplica",null,"SF Tipo 4 - 68079 - BARICHARA - Beneficiarios: 443",null,200,"UNIDAD",6695,1339000,"CDP No 87117"]
["Agregar nuevo artículo o servicio","No aplica","No aplica",null,"No aplica","No aplica","No aplica",0,"No aplica",null,"SF Tipo 4 - 68081 - BARRANCABERMEJA - Beneficiarios: 11697",null,5446,"UNIDAD",6695,36460970,"CDP No 87117"]
["Agregar nuevo artículo o servicio","No aplica","No aplica",null,"No aplica","No aplica","No aplica",0,"No aplica",null,"SF Tipo 4 - 68092 - BETULIA - Beneficiarios: 417",null,190,"UNIDAD",6695,1272050,"CDP No 87117"]
["Agregar nuevo artículo o servicio","No aplica","No aplica",null,"No aplica","No aplica","No aplica",0,"No aplica",null,"SF Tipo 4 - 68101 - BOLIVAR - Beneficiarios: 1101",null,497,"UNIDAD",6695,3327415,"CDP No 87117"]
["Agregar nuevo artículo o servicio","No aplica","No aplica",null,"No aplica","No aplica","No aplica",0,"No aplica",null,"SF Tipo 4 - 68121 - CABRERA - Beneficiarios: 188",null,86,"UNIDAD",6695,575770,"CDP No 87117"]
["Agregar nuevo artículo o servicio","No aplica","No aplica",null,"No aplica","No aplica","No aplica",0,"No aplica",null,"SF Tipo 4 - 68132 - CALIFORNIA - Beneficiarios: 149",null,69,"UNIDAD",6695,461955,"CDP No 87117"]
["Agregar nuevo artículo o servicio","No aplica","No aplica",null,"No aplica","No aplica","No aplica",0,"No aplica",null,"SF Tipo 4 - 68147 - CAPITANEJO - Beneficiarios: 460",null,208,"UNIDAD",6695,1392560,"CDP No 87117"]
["Agregar nuevo artículo o servicio","No aplica","No aplica",null,"No aplica","No aplica","No aplica",0,"No aplica",null,"SF Tipo 4 - 68152 - CARCASI - Beneficiarios: 429",null,194,"UNIDAD",6695,1298830,"CDP No 87117"]
["Agregar nuevo artículo o servicio","No aplica","No aplica",null,"No aplica","No aplica","No aplica",0,"No aplica",null,"SF Tipo 4 - 68160 - CEPITA - Beneficiarios: 207",null,92,"UNIDAD",6695,615940,"CDP No 87117"]
["Agregar nuevo artículo o servicio","No aplica","No aplica",null,"No aplica","No aplica","No aplica",0,"No aplica",null,"SF Tipo 4 - 68162 - CERRITO - Beneficiarios: 701",null,320,"UNIDAD",6695,2142400,"CDP No 87117"]
["Agregar nuevo artículo o servicio","No aplica","No aplica",null,"No aplica","No aplica","No aplica",0,"No aplica",null,"SF Tipo 4 - 68167 - CHARALA - Beneficiarios: 1032",null,468,"UNIDAD",6695,3133260,"CDP No 87117"]
["Agregar nuevo artículo o servicio","No aplica","No aplica",null,"No aplica","No aplica","No aplica",0,"No aplica",null,"SF Tipo 4 - 68169 - CHARTA - Beneficiarios: 303",null,133,"UNIDAD",6695,890435,"CDP No 87117"]
["Agregar nuevo artículo o servicio","No aplica","No aplica",null,"No aplica","No aplica","No aplica",0,"No aplica",null,"SF Tipo 4 - 68176 - CHIMA - Beneficiarios: 301",null,136,"UNIDAD",6695,910520,"CDP No 87117"]
["Agregar nuevo artículo o servicio","No aplica","No aplica",null,"No aplica","No aplica","No aplica",0,"No aplica",null,"SF Tipo 4 - 68179 - CHIPATA - Beneficiarios: 324",null,146,"UNIDAD",6695,{"$f":"ROUND(M296*O296, 2)","v":977470},"CDP No 87117"]
["Agregar nuevo artículo o servicio","No aplica","No aplica",null,"No aplica","No aplica","No aplica",0,"No aplica",null,"SF Tipo 4 - 68190 - CIMITARRA - Beneficiarios: 2717",null,1255,"UNIDAD",6695,8402225,"CDP No 87117"]
["Agregar nuevo artículo o servicio","No aplica","No aplica",null,"No aplica","No aplica","No aplica",0,"No aplica",null,"SF Tipo 4 - 68207 - CONCEPCION - Beneficiarios: 586",null,272,"UNIDAD",6695,1821040,"CDP No 87117"]
["Agregar nuevo artículo o servicio","No aplica","No aplica",null,"No aplica","No aplica","No aplica",0,"No aplica",null,"SF Tipo 4 - 68209 - CONFINES - Beneficiarios: 219",null,107,"UNIDAD",6695,716365,"CDP No 87117"]
["Agregar nuevo artículo o servicio","No aplica","No aplica",null,"No aplica","No aplica","No aplica",0,"No aplica",null,"SF Tipo 4 - 68211 - CONTRATACION - Beneficiarios: 297",null,140,"UNIDAD",6695,937300,"CDP No 87117"]
["Agregar nuevo artículo o servicio","No aplica","No aplica",null,"No aplica","No aplica","No aplica",0,"No aplica",null,"SF Tipo 4 - 68217 - COROMORO - Beneficiarios: 664",null,304,"UNIDAD",6695,2035280,"CDP No 87117"]
["Agregar nuevo artículo o servicio","No aplica","No aplica",null,"No aplica","No aplica","No aplica",0,"No aplica",null,"SF Tipo 4 - 68229 - CURITI - Beneficiarios: 1008",null,456,"UNIDAD",6695,3052920,"CDP No 87117"]
["Agregar nuevo artículo o servicio","No aplica","No aplica",null,"No aplica","No aplica","No aplica",0,"No aplica",null,"SF Tipo 4 - 68235 - EL CARMEN DE CHUCURI - Beneficiarios: 1404",null,652,"UNIDAD",6695,4365140,"CDP No 87117"]
["Agregar nuevo artículo o servicio","No aplica","No aplica",null,"No aplica","No aplica","No aplica",0,"No aplica",null,"SF Tipo 4 - 68245 - EL GUACAMAYO - Beneficiarios: 227",null,102,"UNIDAD",6695,682890,"CDP No 87117"]
["Agregar nuevo artículo o servicio","No aplica","No aplica",null,"No aplica","No aplica","No aplica",0,"No aplica",null,"SF Tipo 4 - 68250 - EL PEÑON - Beneficiarios: 568",null,257,"UNIDAD",6695,1720615,"CDP No 87117"]
["Agregar nuevo artículo o servicio","No aplica","No aplica",null,"No aplica","No aplica","No aplica",0,"No aplica",null,"SF Tipo 4 - 68255 - EL PLAYON - Beneficiarios: 1254",null,602,"UNIDAD",6695,4030390,"CDP No 87117"]
["Agregar nuevo artículo o servicio","No aplica","No aplica",null,"No aplica","No aplica","No aplica",0,"No aplica",null,"SF Tipo 4 - 68264 - ENCINO - Beneficiarios: 211",null,101,"UNIDAD",6695,676195,"CDP No 87117"]
["Agregar nuevo artículo o servicio","No aplica","No aplica",null,"No aplica","No aplica","No aplica",0,"No aplica",null,"SF Tipo 4 - 68266 - ENCISO - Beneficiarios: 437",null,198,"UNIDAD",6695,1325610,"CDP No 87117"]
["Agregar nuevo artículo o servicio","No aplica","No aplica",null,"No aplica","No aplica","No aplica",0,"No aplica",null,"SF Tipo 4 - 68271 - FLORIAN - Beneficiarios: 694",null,316,"UNIDAD",6695,2115620,"CDP No 87117"]
["Agregar nuevo artículo o servicio","No aplica","No aplica",null,"No aplica","No aplica","No aplica",0,"No aplica",null,"SF Tipo 4 - 68276 - FLORIDABLANCA - Beneficiarios: 4400",null,2120,"UNIDAD",6695,14193400,"CDP No 87117"]
["Agregar nuevo artículo o servicio","No aplica","No aplica",null,"No aplica","No aplica","No aplica",0,"No aplica",null,"SF Tipo 4 - 68296 - GALAN - Beneficiarios: 229",null,104,"UNIDAD",6695,696280,"CDP No 87117"]
["Agregar nuevo artículo o servicio","No aplica","No aplica",null,"No aplica","No aplica","No aplica",0,"No aplica",null,"SF Tipo 4 - 68298 - GAMBITA - Beneficiarios: 356",null,158,"UNIDAD",6695,1057810,"CDP No 87117"]
["Agregar nuevo artículo o servicio","No aplica","No aplica",null,"No aplica","No aplica","No aplica",0,"No aplica",null,"SF Tipo 4 - 68307 - GIRON - Beneficiarios: 5608",null,2680,"UNIDAD",6695,17942600,"CDP No 87117"]
["Agregar nuevo artículo o servicio","No aplica","No aplica",null,"No aplica","No aplica","No aplica",0,"No aplica",null,"SF Tipo 4 - 68318 - GUACA - Beneficiarios: 621",null,280,"UNIDAD",6695,1874600,"CDP No 87117"]
["Agregar nuevo artículo o servicio","No aplica","No aplica",null,"No aplica","No aplica","No aplica",0,"No aplica",null,"SF Tipo 4 - 68320 - GUADALUPE - Beneficiarios: 407",null,190,"UNIDAD",6695,1272050,"CDP No 87117"]
["Agregar nuevo artículo o servicio","No aplica","No aplica",null,"No aplica","No aplica","No aplica",0,"No aplica",null,"SF Tipo 4 - 68322 - GUAPOTA - Beneficiarios: 98",null,44,"UNIDAD",6695,294580,"CDP No 87117"]
["Agregar nuevo artículo o servicio","No aplica","No aplica",null,"No aplica","No aplica","No aplica",0,"No aplica",null,"SF Tipo 4 - 68324 - GUAVATA - Beneficiarios: 437",null,199,"UNIDAD",6695,1332305,"CDP No 87117"]
["Agregar nuevo artículo o servicio","No aplica","No aplica",null,"No aplica","No aplica","No aplica",0,"No aplica",null,"SF Tipo 4 - 68327 - GsEPSA - Beneficiarios: 298",null,135,"UNIDAD",6695,903825,"CDP No 87117"]
["Agregar nuevo artículo o servicio","No aplica","No aplica",null,"No aplica","No aplica","No aplica",0,"No aplica",null,"SF Tipo 4 - 68344 - HATO - Beneficiarios: 223",null,106,"UNIDAD",6695,709670,"CDP No 87117"]
["Agregar nuevo artículo o servicio","No aplica","No aplica",null,"No aplica","No aplica","No aplica",0,"No aplica",null,"SF Tipo 4 - 68368 - JESUS MARIA - Beneficiarios: 367",null,165,"UNIDAD",6695,1104675,"CDP No 87117"]
["Agregar nuevo artículo o servicio","No aplica","No aplica",null,"No aplica","No aplica","No aplica",0,"No aplica",null,"SF Tipo 4 - 68370 - JORDAN - Beneficiarios: 165",null,76,"UNIDAD",6695,508820,"CDP No 87117"]
["Agregar nuevo artículo o servicio","No aplica","No aplica",null,"No aplica","No aplica","No aplica",0,"No aplica",null,"SF Tipo 4 - 68377 - LA BELLEZA - Beneficiarios: 797",null,373,"UNIDAD",6695,2497235,"CDP No 87117"]
["Agregar nuevo artículo o servicio","No aplica","No aplica",null,"No aplica","No aplica","No aplica",0,"No aplica",null,"SF Tipo 4 - 68385 - LANDAZURI - Beneficiarios: 1279",null,584,"UNIDAD",6695,3909880,"CDP No 87117"]
["Agregar nuevo artículo o servicio","No aplica","No aplica",null,"No aplica","No aplica","No aplica",0,"No aplica",null,"SF Tipo 4 - 68397 - LA PAZ - Beneficiarios: 413",null,186,"UNIDAD",6695,1245270,"CDP No 87117"]
["Agregar nuevo artículo o servicio","No aplica","No aplica",null,"No aplica","No aplica","No aplica",0,"No aplica",null,"SF Tipo 4 - 68406 - LEBRIJA - Beneficiarios: 2574",null,1212,"UNIDAD",6695,8114340,"CDP No 87117"]
["Agregar nuevo artículo o servicio","No aplica","No aplica",null,"No aplica","No aplica","No aplica",0,"No aplica",null,"SF Tipo 4 - 68418 - LOS SANTOS - Beneficiarios: 1077",null,498,"UNIDAD",6695,3334110,"CDP No 87117"]
["Agregar nuevo artículo o servicio","No aplica","No aplica",null,"No aplica","No aplica","No aplica",0,"No aplica",null,"SF Tipo 4 - 68425 - MACARAVITA - Beneficiarios: 273",null,123,"UNIDAD",6695,823485,"CDP No 87117"]
["Agregar nuevo artículo o servicio","No aplica","No aplica",null,"No aplica","No aplica","No aplica",0,"No aplica",null,"SF Tipo 4 - 68432 - MALAGA - Beneficiarios: 1873",null,847,"UNIDAD",6695,5670665,"CDP No 87117"]
["Agregar nuevo artículo o servicio","No aplica","No aplica",null,"No aplica","No aplica","No aplica",0,"No aplica",null,"SF Tipo 4 - 68444 - MATANZA - Beneficiarios: 431",null,197,"UNIDAD",6695,1318915,"CDP No 87117"]
["Agregar nuevo artículo o servicio","No aplica","No aplica",null,"No aplica","No aplica","No aplica",0,"No aplica",null,"SF Tipo 4 - 68464 - MOGOTES - Beneficiarios: 1018",null,466,"UNIDAD",6695,3119870,"CDP No 87117"]
["Agregar nuevo artículo o servicio","No aplica","No aplica",null,"No aplica","No aplica","No aplica",0,"No aplica",null,"SF Tipo 4 - 68468 - MOLAGAVITA - Beneficiarios: 471",null,211,"UNIDAD",6695,1412645,"CDP No 87117"]
["Agregar nuevo artículo o servicio","No aplica","No aplica",null,"No aplica","No aplica","No aplica",0,"No aplica",null,"SF Tipo 4 - 68498 - OCAMONTE - Beneficiarios: 332",null,150,"UNIDAD",6695,1004250,"CDP No 87117"]
["Agregar nuevo artículo o servicio","No aplica","No aplica",null,"No aplica","No aplica","No aplica",0,"No aplica",null,"SF Tipo 4 - 68500 - OIBA - Beneficiarios: 761",null,352,"UNIDAD",6695,2356640,"CDP No 87117"]
["Agregar nuevo artículo o servicio","No aplica","No aplica",null,"No aplica","No aplica","No aplica",0,"No aplica",null,"SF Tipo 4 - 68502 - ONZAGA - Beneficiarios: 439",null,196,"UNIDAD",6695,1312220,"CDP No 87117"]
["Agregar nuevo artículo o servicio","No aplica","No aplica",null,"No aplica","No aplica","No aplica",0,"No aplica",null,"SF Tipo 4 - 68522 - PALMAR - Beneficiarios: 129",null,59,"UNIDAD",6695,395005,"CDP No 87117"]
["Agregar nuevo artículo o servicio","No aplica","No aplica",null,"No aplica","No aplica","No aplica",0,"No aplica",null,"SF Tipo 4 - 68524 - PALMAS DEL SOCORRO - Beneficiarios: 274",null,129,"UNIDAD",6695,863655,"CDP No 87117"]
["Agregar nuevo artículo o servicio","No aplica","No aplica",null,"No aplica","No aplica","No aplica",0,"No aplica",null,"SF Tipo 4 - 68533 - PARAMO - Beneficiarios: 174",null,83,"UNIDAD",6695,555685,"CDP No 87117"]
["Agregar nuevo artículo o servicio","No aplica","No aplica",null,"No aplica","No aplica","No aplica",0,"No aplica",null,"SF Tipo 4 - 68547 - PIEDECUESTA - Beneficiarios: 5117",null,2455,"UNIDAD",6695,16436225,"CDP No 87117"]
["Agregar nuevo artículo o servicio","No aplica","No aplica",null,"No aplica","No aplica","No aplica",0,"No aplica",null,"SF Tipo 4 - 68549 - PINCHOTE - Beneficiarios: 352",null,165,"UNIDAD",6695,1104675,"CDP No 87117"]
["Agregar nuevo artículo o servicio","No aplica","No aplica",null,"No aplica","No aplica","No aplica",0,"No aplica",null,"SF Tipo 4 - 68572 - PUENTE NACIONAL - Beneficiarios: 1185",null,542,"UNIDAD",6695,3628690,"CDP No 87117"]
["Agregar nuevo artículo o servicio","No aplica","No aplica",null,"No aplica","No aplica","No aplica",0,"No aplica",null,"SF Tipo 4 - 68573 - PUERTO PARRA - Beneficiarios: 717",null,338,"UNIDAD",6695,2262910,"CDP No 87117"]
["Agregar nuevo artículo o servicio","No aplica","No aplica",null,"No aplica","No aplica","No aplica",0,"No aplica",null,"SF Tipo 4 - 68575 - PUERTO WILCHES - Beneficiarios: 3436",null,1593,"UNIDAD",6695,10665135,"CDP No 87117"]
["Agregar nuevo artículo o servicio","No aplica","No aplica",null,"No aplica","No aplica","No aplica",0,"No aplica",null,"SF Tipo 4 - 68615 - RIONEGRO - Beneficiarios: 2762",null,1250,"UNIDAD",6695,8368750,"CDP No 87117"]
["Agregar nuevo artículo o servicio","No aplica","No aplica",null,"No aplica","No aplica","No aplica",0,"No aplica",null,"SF Tipo 4 - 68655 - SABANA DE TORRES - Beneficiarios: 2296",null,1119,"UNIDAD",6695,7491705,"CDP No 87117"]
["Agregar nuevo artículo o servicio","No aplica","No aplica",null,"No aplica","No aplica","No aplica",0,"No aplica",null,"SF Tipo 4 - 68669 - SAN ANDRES - Beneficiarios: 533",null,244,"UNIDAD",6695,1633580,"CDP No 87117"]
["Agregar nuevo artículo o servicio","No aplica","No aplica",null,"No aplica","No aplica","No aplica",0,"No aplica",null,"SF Tipo 4 - 68673 - SAN BENITO - Beneficiarios: 187",null,86,"UNIDAD",6695,575770,"CDP No 87117"]
["Agregar nuevo artículo o servicio","No aplica","No aplica",null,"No aplica","No aplica","No aplica",0,"No aplica",null,"SF Tipo 4 - 68679 - SAN GIL - Beneficiarios: 1463",null,681,"UNIDAD",6695,4559295,"CDP No 87117"]
["Agregar nuevo artículo o servicio","No aplica","No aplica",null,"No aplica","No aplica","No aplica",0,"No aplica",null,"SF Tipo 4 - 68682 - SAN JOAQUIN - Beneficiarios: 212",null,93,"UNIDAD",6695,622635,"CDP No 87117"]
["Agregar nuevo artículo o servicio","No aplica","No aplica",null,"No aplica","No aplica","No aplica",0,"No aplica",null,"SF Tipo 4 - 68684 - SAN JOSE DE MIRANDA - Beneficiarios: 430",null,191,"UNIDAD",6695,1278745,"CDP No 87117"]
["Agregar nuevo artículo o servicio","No aplica","No aplica",null,"No aplica","No aplica","No aplica",0,"No aplica",null,"SF Tipo 4 - 68686 - SAN MIGUEL - Beneficiarios: 225",null,103,"UNIDAD",6695,689585,"CDP No 87117"]
["Agregar nuevo artículo o servicio","No aplica","No aplica",null,"No aplica","No aplica","No aplica",0,"No aplica",null,"SF Tipo 4 - 68689 - SAN VICENTE DE CHUCURI - Beneficiarios: 2120",null,999,"UNIDAD",6695,6688305,"CDP No 87117"]
["Agregar nuevo artículo o servicio","No aplica","No aplica",null,"No aplica","No aplica","No aplica",0,"No aplica",null,"SF Tipo 4 - 68705 - SANTA BARBARA - Beneficiarios: 178",null,77,"UNIDAD",6695,515515,"CDP No 87117"]
["Agregar nuevo artículo o servicio","No aplica","No aplica",null,"No aplica","No aplica","No aplica",0,"No aplica",null,"SF Tipo 4 - 68720 - SANTA HELENA DEL OPON - Beneficiarios: 526",null,243,"UNIDAD",6695,1626885,"CDP No 87117"]
["Agregar nuevo artículo o servicio","No aplica","No aplica",null,"No aplica","No aplica","No aplica",0,"No aplica",null,"SF Tipo 4 - 68745 - SIMACOTA - Beneficiarios: 627",null,277,"UNIDAD",6695,1854515,"CDP No 87117"]
["Agregar nuevo artículo o servicio","No aplica","No aplica",null,"No aplica","No aplica","No aplica",0,"No aplica",null,"SF Tipo 4 - 68755 - SOCORRO - Beneficiarios: 1839",null,823,"UNIDAD",6695,5509985,"CDP No 87117"]
["Agregar nuevo artículo o servicio","No aplica","No aplica",null,"No aplica","No aplica","No aplica",0,"No aplica",null,"SF Tipo 4 - 68770 - SUAITA - Beneficiarios: 761",null,349,"UNIDAD",6695,2336555,"CDP No 87117"]
["Agregar nuevo artículo o servicio","No aplica","No aplica",null,"No aplica","No aplica","No aplica",0,"No aplica",null,"SF Tipo 4 - 68773 - SUCRE - Beneficiarios: 855",null,385,"UNIDAD",6695,2577575,"CDP No 87117"]
["Agregar nuevo artículo o servicio","No aplica","No aplica",null,"No aplica","No aplica","No aplica",0,"No aplica",null,"SF Tipo 4 - 68780 - SURATA - Beneficiarios: 403",null,189,"UNIDAD",6695,1265355,"CDP No 87117"]
["Agregar nuevo artículo o servicio","No aplica","No aplica",null,"No aplica","No aplica","No aplica",0,"No aplica",null,"SF Tipo 4 - 68820 - TONA - Beneficiarios: 347",null,153,"UNIDAD",6695,1024335,"CDP No 87117"]
["Agregar nuevo artículo o servicio","No aplica","No aplica",null,"No aplica","No aplica","No aplica",0,"No aplica",null,"SF Tipo 4 - 68855 - VALLE DE SAN JOSE - Beneficiarios: 403",null,181,"UNIDAD",6695,{"$f":"ROUND(M360*O360, 2)","v":1211795},"CDP No 87117"]
["Agregar nuevo artículo o servicio","No aplica","No aplica",null,"No aplica","No aplica","No aplica",0,"No aplica",null,"SF Tipo 4 - 68861 - VELEZ - Beneficiarios: 1702",null,760,"UNIDAD",6695,5088200,"CDP No 87117"]
["Agregar nuevo artículo o servicio","No aplica","No aplica",null,"No aplica","No aplica","No aplica",0,"No aplica",null,"SF Tipo 4 - 68867 - VETAS - Beneficiarios: 151",null,72,"UNIDAD",6695,482040,"CDP No 87117"]
["Agregar nuevo artículo o servicio","No aplica","No aplica",null,"No aplica","No aplica","No aplica",0,"No aplica",null,"SF Tipo 4 - 68872 - VILLANUEVA - Beneficiarios: 422",null,192,"UNIDAD",6695,1285440,"CDP No 87117"]
["Agregar nuevo artículo o servicio","No aplica","No aplica",null,"No aplica","No aplica","No aplica",0,"No aplica",null,"SF Tipo 4 - 68895 - ZAPATOCA - Beneficiarios: 378",null,172,"UNIDAD",6695,1151540,"CDP No 87117"]
["Agregar nuevo artículo o servicio","No aplica","No aplica",null,"No aplica","No aplica","No aplica",0,"No aplica",null,"SF Tipo 4 - 70110 - BUENAVISTA - Beneficiarios: 1375",null,639,"UNIDAD",6695,4278105,"CDP No 87117"]
["Agregar nuevo artículo o servicio","No aplica","No aplica",null,"No aplica","No aplica","No aplica",0,"No aplica",null,"SF Tipo 4 - 70124 - CAIMITO - Beneficiarios: 1726",null,779,"UNIDAD",6695,5215405,"CDP No 87117"]
["Agregar nuevo artículo o servicio","No aplica","No aplica",null,"No aplica","No aplica","No aplica",0,"No aplica",null,"SF Tipo 4 - 70204 - COLOSO - Beneficiarios: 1074",null,497,"UNIDAD",6695,3327415,"CDP No 87117"]
["Agregar nuevo artículo o servicio","No aplica","No aplica",null,"No aplica","No aplica","No aplica",0,"No aplica",null,"SF Tipo 4 - 70215 - COROZAL - Beneficiarios: 4533",null,2121,"UNIDAD",6695,14200095,"CDP No 87117"]
["Agregar nuevo artículo o servicio","No aplica","No aplica",null,"No aplica","No aplica","No aplica",0,"No aplica",null,"SF Tipo 4 - 70221 - COVEÑAS - Beneficiarios: 1486",null,676,"UNIDAD",6695,4525820,"CDP No 87117"]
["Agregar nuevo artículo o servicio","No aplica","No aplica",null,"No aplica","No aplica","No aplica",0,"No aplica",null,"SF Tipo 4 - 70230 - CHALAN - Beneficiarios: 758",null,375,"UNIDAD",6695,2510625,"CDP No 87117"]
["Agregar nuevo artículo o servicio","No aplica","No aplica",null,"No aplica","No aplica","No aplica",0,"No aplica",null,"SF Tipo 4 - 70233 - EL ROBLE - Beneficiarios: 1314",null,603,"UNIDAD",6695,4037085,"CDP No 87117"]
["Agregar nuevo artículo o servicio","No aplica","No aplica",null,"No aplica","No aplica","No aplica",0,"No aplica",null,"SF Tipo 4 - 70235 - GALERAS - Beneficiarios: 2056",null,970,"UNIDAD",6695,6494150,"CDP No 87117"]
["Agregar nuevo artículo o servicio","No aplica","No aplica",null,"No aplica","No aplica","No aplica",0,"No aplica",null,"SF Tipo 4 - 70265 - GUARANDA - Beneficiarios: 2559",null,1181,"UNIDAD",6695,7906795,"CDP No 87117"]
["Agregar nuevo artículo o servicio","No aplica","No aplica",null,"No aplica","No aplica","No aplica",0,"No aplica",null,"SF Tipo 4 - 70400 - LA UNION - Beneficiarios: 1556",null,685,"UNIDAD",6695,4586075,"CDP No 87117"]
["Agregar nuevo artículo o servicio","No aplica","No aplica",null,"No aplica","No aplica","No aplica",0,"No aplica",null,"SF Tipo 4 - 70418 - LOS PALMITOS - Beneficiarios: 3214",null,1514,"UNIDAD",6695,10136230,"CDP No 87117"]
["Agregar nuevo artículo o servicio","No aplica","No aplica",null,"No aplica","No aplica","No aplica",0,"No aplica",null,"SF Tipo 4 - 70429 - MAJAGUAL - Beneficiarios: 5262",null,2403,"UNIDAD",6695,16088085,"CDP No 87117"]
["Agregar nuevo artículo o servicio","No aplica","No aplica",null,"No aplica","No aplica","No aplica",0,"No aplica",null,"SF Tipo 4 - 70473 - MORROA - Beneficiarios: 2003",null,927,"UNIDAD",6695,6206265,"CDP No 87117"]
["Agregar nuevo artículo o servicio","No aplica","No aplica",null,"No aplica","No aplica","No aplica",0,"No aplica",null,"SF Tipo 4 - 70508 - OVEJAS - Beneficiarios: 3545",null,1623,"UNIDAD",6695,10865985,"CDP No 87117"]
["Agregar nuevo artículo o servicio","No aplica","No aplica",null,"No aplica","No aplica","No aplica",0,"No aplica",null,"SF Tipo 4 - 70523 - PALMITO - Beneficiarios: 1805",null,848,"UNIDAD",6695,5677360,"CDP No 87117"]
["Agregar nuevo artículo o servicio","No aplica","No aplica",null,"No aplica","No aplica","No aplica",0,"No aplica",null,"SF Tipo 4 - 70670 - SAMPUES - Beneficiarios: 6047",null,2637,"UNIDAD",6695,17654715,"CDP No 87117"]
["Agregar nuevo artículo o servicio","No aplica","No aplica",null,"No aplica","No aplica","No aplica",0,"No aplica",null,"SF Tipo 4 - 70678 - SAN BENITO ABAD - Beneficiarios: 3937",null,1742,"UNIDAD",6695,11662690,"CDP No 87117"]
["Agregar nuevo artículo o servicio","No aplica","No aplica",null,"No aplica","No aplica","No aplica",0,"No aplica",null,"SF Tipo 4 - 70702 - SAN JUAN DE BETULIA - Beneficiarios: 1381",null,550,"UNIDAD",6695,3682250,"CDP No 87117"]
["Agregar nuevo artículo o servicio","No aplica","No aplica",null,"No aplica","No aplica","No aplica",0,"No aplica",null,"SF Tipo 4 - 70708 - SAN MARCOS - Beneficiarios: 6204",null,2590,"UNIDAD",6695,17340050,"CDP No 87117"]
["Agregar nuevo artículo o servicio","No aplica","No aplica",null,"No aplica","No aplica","No aplica",0,"No aplica",null,"SF Tipo 4 - 70713 - SAN ONOFRE - Beneficiarios: 6580",null,2957,"UNIDAD",6695,19797115,"CDP No 87117"]
["Agregar nuevo artículo o servicio","No aplica","No aplica",null,"No aplica","No aplica","No aplica",0,"No aplica",null,"SF Tipo 4 - 70717 - SAN PEDRO - Beneficiarios: 2575",null,1150,"UNIDAD",6695,7699250,"CDP No 87117"]
["Agregar nuevo artículo o servicio","No aplica","No aplica",null,"No aplica","No aplica","No aplica",0,"No aplica",null,"SF Tipo 4 - 70742 - SAN LUIS DE SINCE - Beneficiarios: 3319",null,1342,"UNIDAD",6695,8984690,"CDP No 87117"]
["Agregar nuevo artículo o servicio","No aplica","No aplica",null,"No aplica","No aplica","No aplica",0,"No aplica",null,"SF Tipo 4 - 70771 - SUCRE - Beneficiarios: 3245",null,1433,"UNIDAD",6695,9593935,"CDP No 87117"]
["Agregar nuevo artículo o servicio","No aplica","No aplica",null,"No aplica","No aplica","No aplica",0,"No aplica",null,"SF Tipo 4 - 70820 - SANTIAGO DE TOLU - Beneficiarios: 2961",null,1352,"UNIDAD",6695,9051640,"CDP No 87117"]
["Agregar nuevo artículo o servicio","No aplica","No aplica",null,"No aplica","No aplica","No aplica",0,"No aplica",null,"SF Tipo 4 - 70823 - TOLU VIEJO - Beneficiarios: 2939",null,1364,"UNIDAD",6695,9131980,"CDP No 87117"]
["Agregar nuevo artículo o servicio","No aplica","No aplica",null,"No aplica","No aplica","No aplica",0,"No aplica",null,"SF Tipo 4 - 88001 - SAN ANDRES - Beneficiarios: 2128",null,955,"UNIDAD",6695,6393725,"CDP No 87117"]
["Agregar nuevo artículo o servicio","No aplica","No aplica",null,"No aplica","No aplica","No aplica",0,"No aplica",null,"SF Tipo 4 - 88564 - PROVIDENCIA - Beneficiarios: 470",null,207,"UNIDAD",6695,1385865,"CDP No 87117"]
["Agregar nuevo artículo o servicio","No aplica","No aplica",null,"No aplica","No aplica","No aplica",0,"No aplica",null,"SF Tipo 4 - 95001 - SAN JOSE DEL GUAVIARE - Beneficiarios: 5867",null,2639,"UNIDAD",6695,17668105,"CDP No 87117"]
["Agregar nuevo artículo o servicio","No aplica","No aplica",null,"No aplica","No aplica","No aplica",0,"No aplica",null,"SF Tipo 4 - 95015 - CALAMAR - Beneficiarios: 909",null,413,"UNIDAD",6695,2765035,"CDP No 87117"]
["Agregar nuevo artículo o servicio","No aplica","No aplica",null,"No aplica","No aplica","No aplica",0,"No aplica",null,"SF Tipo 4 - 95025 - EL RETORNO - Beneficiarios: 1620",null,718,"UNIDAD",6695,4807010,"CDP No 87117"]
["Agregar nuevo artículo o servicio","No aplica","No aplica",null,"No aplica","No aplica","No aplica",0,"No aplica",null,"SF Tipo 4 - 95200 - MIRAFLORES - Beneficiarios: 556",null,241,"UNIDAD",6695,1613495,"CDP No 87117"]
[]
[null,null,null,null,null,null,"Cantidad de celdas a agregar:",null,356]
[]
[]
["Sección 5: Resultados de la modificación"]
[]
["Número de la línea según O.C.","Nombre del artículo",null,null,null,"Valores actuales",null,null,"Nuevos valores"]
[null,"Valor de la línea IVA en la Orden de Compra:",null,null,null,{"$f":"ROUND(M403, 2)","v":5427550322},null,null,5796498648,null,null,null,5427550322]
[null,"Valor de la línea AIU en la Orden de Compra:"]
[null,"Valor de la línea gravámenes adicionales en la Orden de Compra:"]
[]
[null,null,null,null,null,null,null,null,null,null,null,"2017-04-25"]
[]
[]
[null,"Firma ordenador del gasto",null,null,null,null,"Firma de Proveedor",null,null,null,null,"Fecha de elaboración"]
[]
["Nombre:","RICARDO ARTURO ARIAS BELTRÁN",null,null,null,"Nombre:","MONICA SANTAMARIA SALAMANCA",null,null,null,"Las partes manifestamos que este mismo documento se cargará en la plataforma en formato Excel (.xlsm) y los cambios se pueden validar con el mismo."]
["Documento de Identidad:",91472420,null,null,"Documento de Identidad:",null,35462826]

{"sheet":"Instructivo de Diligenciamiento","index":1,"n_rows":4,"n_cols":2,"rows_kept":4,"cut":false,"hidden":false,"merged":[[3,1,82,10]]}
[]
[]
[]
[null,"Instrucciones de diligenciamiento:\n\nColombia Compra Eficiente ha diseñado este formato para que las Entidades Compradoras puedan realizar aclaraciones, modificaciones, cancelaciones o terminaciones y liquidaciones de las Órdenes de Compra que estén en ejecución y vigentes, o ejecutadas. Para ello debe indicar:\n\nDatos generales: Datos básicos como número de la Orden de Compra que requiere cambiar, número consecutivo de solicitud tenga en cuenta que la primera solicitud corresponderá a la número “1”, nombre de la Entidad Compradora, nombre de la persona que solicita las acciones, celular o número de teléfono y extensión, NIT de la Entidad Compradora y el nombre del Proveedor que ejecuta la Orden de Compra.\n\nSección 1. Tipo de acción: Las Entidades pueden solicitar cuatro tipos de acciones respecto de las Órdenes de Compra:\n\n(i) Aclaraciones: Son las indicaciones de cambio de información que no afectan el plazo, el valor o las condiciones contractuales de las Órdenes de Compra como: redacción en las condiciones de entrega, errores de digitación  o rectificación de la fecha de vencimiento. Estas aclaraciones no requieren de la aceptación del Proveedor. Sin embargo una vez realizada la aclaración en la Orden de Compra, la Entidad Compradora debe notificarle al Proveedor el cambio. \n\n(ii) Modificaciones: Son indicaciones de cambio en aumento o disminución de valor o plazo,  aumento o disminución de los bienes o servicios solicitados, cambios en las condiciones de ejecución o datos que afecten la ejecución de la Orden de Compra. Solo en los casos de cambio de supervisor y datos de notificación como dirección o teléfono se puede omitir la firma del Proveedor. Sin embargo una vez realizada la modificación, la Entidad Compradora debe notificarle al Proveedor el cambio.\n\n(iii) Cancelación: Es la manifestación de la Entidad de no iniciar la ejecución de la Orden de Compra la cual también debe ser aceptada por el Proveedor.\n\n(iv) Terminación y Liquidación: Este tipo de acción es mediante la cual una Entidad Compradora formaliza la terminación y liquidación de las obligaciones derivadas de la Orden de Compra y así establece las acreencias pendientes a favor o en contra de cada parte de la Orden de Compra, también sirve para aclarar la ejecución de la misma o realizar la terminación anticipada en caso de que las partes así lo deseen. Este tipo de acción se debe aplicar dentro de los términos establecidos en cada Acuerdo Marco de Precios, para lo cual se requiere la solicitud por parte de la Entidad Compradora firmada por el Ordenador del Gasto y el representante legal del Proveedor, así como el informe del supervisor de la Orden de Compra. \n\nSección 2.  Justificación: Las razones de la realización del cambio de la Orden de Compra.\n\nSección 3. Modificación información general: la idea en esta sección es indicar cuales son los datos de información general de la orden de compra que requiere cambiar\n\nSección 4. Modificación de artículos o servicios: esta sección unicamente aplica en caso de que la acción a realizar sea modificar o terminar y liquidar la orden de compra, allí deberá indicar el tipo de midificación que desea realizar e ingresar o modificar los articulos que desea ajustar. Al momento de diligenciar esta sección tenga en cuenta las siguientes recomendaciones:\n\n(i) Las correcciones en el plazo de ejecución son diferentes a las modificaciones en el plazo, ejemplo: la Entidad Compradora adquirió elementos con tres entregas parciales pero digitó como fecha final de la Orden de Compra la fecha de la primera entrega, para corregir esto la Entidad Compradora selecciona en tipo de acción: aclaración y en el campo de fecha de vencimiento indica la fecha correcta. En el caso que fuera cambio de fecha fin, ejemplo: prorrogar o disminuir varios meses la ejecución de la Orden de Compra se utiliza en tipo de acción: modificación.\n\n(ii) para la realización de las modificaciones tenga en cuenta las secciones de modificación de cada una de las guías de compra\n\n(iii) los valores y cantidades solo pueden tener hasta dos decimales.\n\n(iv) la decisión de modificar, adicionar o combinar las dos opciones dependerá de las necesidades de cada Entidad Compradora, ejemplo si es un servicio y adicionalmente solo requiere modificar “cantidad” se recomienda seleccionar “modificación de artículo”, cuando son bienes puede modificar cualquiera de los demás campos.\n\n(v) si requiere cambio de condiciones de un servicio ya ejecutado se recomienda modificar la línea para que se refleje la parte ejecutada y adicionar una nueva línea para las nuevas condiciones del servicio que va a ejecutar.\n\nSección 5. Resultados de la modificación: La entidad siempre debe indicar en el recuadro el valor total del IVA, AIU, gravámenes adicionales, estos campos serán los valores finales que quedarán en la Orden de Compra después de la modificación, tenga en cuenta que el campo de IVA no aplica para algunos AMP como: papelería, vehículos y SOAT y que el campo de AIU solo aplica para aseo y cafetería.\n\nFirmas del documento: El ordenador del gasto de la Entidad Compradora debe firmar el documento y enviarlo al Proveedor para que lo acepte y firme, en caso de que así se requiera. El documento firmado debe ser enviado a través del aplicativo dispuesto por   Colombia Compra Eficiente para realizar las acciones solicitadas.\n\nFecha de elaboración del documento: Corresponde a la fecha en la que la Entidad Compradora y el Proveedor llegaron a un acuerdo para realizar las acciones y se suscribe el documento, recuerde que: (i) para poder realizar modificaciones en las Órdenes de Compra las mismas se deben acordar dentro de la vigencia de la Orden de Compra, (ii) Las órdenes de compra no se podrán modificar si ya se encuentran vencidas, (iii) Se da por realizada la modificación o acción que requiera realizar la Entidad, desde le momento en que las partes la firmen. Colombia Compra Eficiente lo único que realiza en la Tienda Virtual es el proceso de publicación de la modificación o ajuste que las partes hayan acordado a través de la firma de este documento. \n\nSi la Entidad Compradora requiere agregar archivos que estén relacionados con las acciones a realizar como: copia del CDP y/o aprobación de Vigencia Futura (VF) que soporta la adición, soportes documentales, correos, cartas, etc... debe publicarlos junto con el documento de modificación suscrito en un único archivo .Pdf con alta resolución de escaneo, si el documento no es legible se tomaran los cambios contenidos en el formato Excel, tenga en cuenta que Colombia Compra Eficiente únicamente publicará las modificaciones especificadas en el formato enviado por el aplicativo.\n\n"]

{"sheet":"Listas","index":2,"n_rows":5,"n_cols":3,"rows_kept":5,"cut":false,"hidden":true,"merged":[]}
["TipoDeModificacion",null,"Modificacion"]
["Modificación de la Orden de Compra",null,"Modificación de artículo o servicio"]
["Aclaración a la Orden de Compra",null,"Agregar nuevo artículo o servicio"]
["Cancelación de la Orden de Compra",null,"Eliminar artículo o servicio"]
["Terminación y Liquidación de la Orden de Compra",null,"Ninguna"]